{"text_format":"2","workbook":"xlsx","n_sheets":5,"sheets":["basica","planilha resumida","Plan. Detalhada Serviços","Plan. Detalhada Materiais","cronograma"],"not_rendered":{"charts":0,"images":0,"macros":0,"external_links":0,"defined_names":8,"comments":0,"pivot_tables":0},"unopened":[],"bounds":{"document_bytes":16777216,"sheet_cells":100000,"run_cost":"one","rows_first":2000,"rows_last":500,"rows_between":2000,"halvings":0,"cell_chars":16384,"cell_head_chars":4096},"cells_cut":0,"cells_raw":0,"read":"whole","date_system":"1900"}

{"sheet":"basica","index":0,"n_rows":82,"n_cols":4,"rows_kept":82,"cut":false,"hidden":false,"merged":[[47,1,47,2],[56,1,56,2],[79,1,79,2],[1,1,2,2],[4,1,4,2],[15,1,15,2],[22,1,22,2],[31,1,31,2],[39,1,39,2]]}
["1/A","B","C","1/D"]
[2,"PLANILHA BÁSICA",null,2]
[{"$f":"A2+1","v":3},null,null,{"$f":"D2+1","v":3}]
[4,null,null,4]
[5,"E D I T A L",null,5]
[6,"EDITAL Nº:","22/2017",6]
[7,"LOTE:","ÚNICO",7]
[8,"DATA:","2017-10-08",8]
[9,"HORA:","10:00 - brasilia",9]
[10,"LOCAL:",null,10]
[11,"DATA-BASE","2017-03-01",11]
[12,"PRAZO (DIAS)",365,12]
[13,"PRAZO (meses)",12,13]
[14,"UNIT",null,14]
[15,"OBRA",null,15]
[16,"D I V E R S O S",null,16]
[17,"EMPRESA :","CS SERVIÇOS E LOCAÇÃO DE EQUIPAMENTOS LTDA",17]
[18,"UNID. MONETÁRIA","R $",18]
[19,"BONIFICAÇÃO",0.25900000000000001,19]
[null,"INSUMOS",0.1535]
[{"$f":"A19+1","v":20},"TAXA (D + J)",0.12,{"$f":"D19+1","v":20}]
[21,null,null,21]
[22,"R O D O V I A(S)",null,22]
[23,"DESCRIÇÃO",null,23]
[24,"TRECHOS :",null,24]
[25,"SUB-TRECHOS :",null,25]
[26,"EXTENSÃO :",null,26]
[27,"JURISDIÇÃO:",null,27]
[28,"UNIT",null,28]
[29,"PNV",null,29]
[30,"SEGMENTO:",null,30]
[31,"M Ã O  D E  O B R A",null,31]
[32,"SALÁRIO",null,526]
[33,"SALÁRIO/HORA",null,527]
[34,"ENC. SOCIAIS     (%)",null,528]
[35,"JORNADA/MÊS (h)",null,529]
[36,null,null,530]
[37,null,null,531]
[38,null,null,532]
[39,"C O M B U S T Í V E I S",null,533]
[40,"DIESEL",null,534]
[41,"ALCOOL",null,535]
[42,"GASOLINA",null,536]
[43,"FUEL OIL",null,537]
[44,"KWH",null,538]
[45,null,null,539]
[46,null,null,540]
[47,"A T U A L I Z A Ç Ã O  (I F G V)",null,541]
[48,"TABELA  (???/94)",null,542]
[49,"ATUAL  (???/94)",null,543]
[50,"1º MÊS",null,544]
[51,"2º MÊS",null,545]
[52,"3º MÊS",null,546]
[53,"INFLATOR",null,547]
[54,null,null,548]
[55,null,null,549]
[56,"Q U A D R O S   D I V E R S O S",null,550]
[57,"Identificação da Empresa",null,551]
[58,"Organiz. Societária",null,552]
[59,"Rel. Obras Executadas",null,553]
[60,"Rel. Equipe Técnica",null,554]
[61,"Curriculum Vitae",null,555]
[62,"Rel. Obras da Proponente",null,556]
[63,"Demo. Capac. Financ",null,557]
[64,"Resumo",null,558]
[65,"Planilha Orçamento",null,559]
[{"$f":"A66+1","v":66},"Composição Preços",null,{"$f":"D66+1","v":560}]
[67,"Custo Horário Eqptº",null,561]
[68,"Escala Salarial",null,562]
[69,"Cronograma",null,563]
[70,"Prod. Equipe Mecânica",null,564]
[71,"Rel. de serviços auxiliares",null,565]
[72,"Relação de Equipamenyo",null,566]
[73,null,null,567]
[74,null,null,568]
[75,null,null,569]
[76,null,null,570]
[77,null,null,571]
[78,null,"08 DE DEZEMBRO 2017",572]
[79,"CARIMBO",null,573]
[80,"Nome","GIL DO NASCIMENTO SANTOS",574]
[81,"Título - CREA","RN-26130304432",575]

{"sheet":"planilha resumida","index":1,"n_rows":39,"n_cols":8,"rows_kept":39,"cut":false,"hidden":false,"merged":[[37,4,37,7],[38,4,38,7],[19,0,19,6],[31,0,31,6],[32,0,32,6],[0,0,0,7],[1,0,1,7],[5,0,5,4],[5,5,5,6],[7,7,8,7],[6,0,6,4],[6,5,6,6],[7,0,8,0],[7,1,8,1],[7,2,8,2],[7,3,8,3],[7,4,8,4],[7,5,7,6]]}
[]
[]
[{"$nulls":5},"EDITAL Nº",{"$f":"basica!C6","v":"22/2017"}]
[{"$nulls":5},"DATA",{"$f":"basica!C8","v":"2017-10-08"}]
[]
["SISTEMA DE ESGOTAMENTO SANITÁRIO DO MUNICÍPIO DE CANAPI / AL",{"$nulls":4},"BDI (Insumos):",null,0.1535]
["PLANILHA RESUMIDA (Data Base: MAR/2017)",{"$nulls":4},"BDI (Serviços):",null,0.25900000000000001]
["Item","CÓDIGO","DESCRIÇÃO","Un.","Quant.","Valor (R$)",null,"Valor Total (R$)"]
[{"$nulls":5},"Preço","Custo"]
["I","SERVIÇOS"]
["1.0","SERVIÇOS PRELIMINARES / CANTEIRO DE OBRAS",{"$nulls":5},{"$f":"'Plan. Detalhada Serviços'!F8","v":669784.79999999993}]
["2.0","REDE COLETORA CONVENCIONAL / LINHA DE RECALQUE / EMISSÁRIO FINAL",{"$nulls":5},{"$f":"'Plan. Detalhada Serviços'!F17","v":2974318.94}]
["3.0","REDE COLETORA CONDOMINIAL",{"$nulls":5},{"$f":"'Plan. Detalhada Serviços'!F105","v":90559.169999999969}]
["4.0","RAMAIS PREDIAIS",{"$nulls":5},{"$f":"'Plan. Detalhada Serviços'!F133","v":342842.5}]
["5.0","ESTAÇÕES ELEVATÓRIAS",{"$nulls":5},{"$f":"'Plan. Detalhada Serviços'!F143","v":416750.79000000004}]
["6.0","ESTRUTURA DE ENTRADA E DAFA'S",{"$nulls":5},{"$f":"'Plan. Detalhada Serviços'!F224","v":107299.47}]
["7.0","LEITO DE SECAGEM",{"$nulls":5},{"$f":"'Plan. Detalhada Serviços'!F253","v":46351.24}]
["8.0","LAGOAS FACULTATIVAS",{"$nulls":5},{"$f":"'Plan. Detalhada Serviços'!F283","v":780299.62999999989}]
["9.0","INSTALAÇÃO ELÉTRICA",{"$nulls":5},{"$f":"'Plan. Detalhada Serviços'!F341","v":138758.09999999995}]
["TOTAL GERAL DOS SERVIÇOS (R$)",{"$nulls":6},{"$f":"SUM(H11:H19)","v":5566964.6399999987}]
["II","MATERIAIS"]
["1.0","REDE COLETORA CONVENCIONAL / LINHA DE RECALQUE / EMISSÁRIO FINAL",{"$nulls":5},{"$f":"'Plan. Detalhada Materiais'!F8","v":230703.83}]
["2.0","REDE COLETORA CONDOMINIAL",{"$nulls":5},{"$f":"'Plan. Detalhada Materiais'!F24","v":27180.46}]
["3.0","RAMAIS PREDIAIS",{"$nulls":5},{"$f":"'Plan. Detalhada Materiais'!F27","v":35056.22}]
["4.0","ESTAÇÕES ELEVATÓRIAS (EEE-1/EEE-2)",{"$nulls":5},{"$f":"'Plan. Detalhada Materiais'!F33","v":179722.06999999998}]
["5.0","ESTRUTURA DE ENTRADA E DAFA'S",{"$nulls":5},{"$f":"'Plan. Detalhada Materiais'!F116","v":63932.68}]
["6.0","LEITOS DE SECAGEM",{"$nulls":5},{"$f":"'Plan. Detalhada Materiais'!F150","v":1161.5899999999999}]
["7.0","LAGOAS FACULTATIVAS",{"$nulls":5},{"$f":"'Plan. Detalhada Materiais'!F155","v":12500.18}]
["8.0","Fornecimentos e Instalações Elétricas - EEE - 1",{"$nulls":5},{"$f":"'Plan. Detalhada Materiais'!F160","v":69325.290000000008}]
["9.0","Fornecimentos e Instalações Elétricas - EEE - 2",{"$nulls":5},{"$f":"'Plan. Detalhada Materiais'!F182","v":86630.789999999979}]
["10.0","Fornecimentos e Instalações Elétricas - ETE",{"$nulls":5},{"$f":"'Plan. Detalhada Materiais'!F201","v":3494.7299999999996}]
["TOTAL GERAL DOS MATERIAIS (R$):",{"$nulls":6},{"$f":"SUM(H22:H31)","v":709707.84000000008}]
["TOTAL GERAL DOS SERVIÇOS E MATERIAIS (R$):",{"$nulls":6},{"$f":"H32+H20","v":6276672.4799999986}]
[]
[]
[]
[]
[{"$nulls":4},{"$f":"basica!C81","v":"GIL DO NASCIMENTO SANTOS"}]
[{"$nulls":4},{"$f":"basica!C82","v":"RN-26130304432"}]

{"sheet":"Plan. Detalhada Serviços","index":2,"n_rows":383,"n_cols":7,"rows_kept":383,"cut":false,"hidden":false,"merged":[[374,2,374,5],[375,2,375,5],[4,0,4,3],[3,0,3,3],[0,0,0,3],[1,0,1,3],[2,0,2,3]]}
["Ministério da Integração Nacional",null,null,null,{"$f":"'planilha resumida'!F3","v":"EDITAL Nº"},{"$f":"'planilha resumida'!G3","v":"22/2017"}]
["Companhia de Desenvolvimento dos Vales do São Francisco e do Parnaíba",null,null,null,{"$f":"'planilha resumida'!F4","v":"DATA"},{"$f":"'planilha resumida'!G4","v":"2017-10-08"}]
["Área de Revitalização das Bacias Hidrográficas"]
["SISTEMA DE ESGOTAMENTO SANITÁRIO DO MUNICÍPIO DE CANAPI / AL",null,null,null,"BDI (Serv.):",0.25900000000000001]
["PLANILHA QUANTITATIVO E ORÇAMENTO DE PROJETO (Data Base: MAR/2017)",null,null,null,"BDI (Mat.):",0.1535]
["ITEM","DESCRIÇÃO","UNID.","QUANT.","P. UNITÁRIO","P. TOTAL"]
["I","SERVIÇOS"]
["1.0","SERVIÇOS PRELIMINARES / CANTEIRO DE OBRAS",null,null,"Subtotal",{"$f":"SUM(F9:F16)","v":669784.79999999993}]
["1.1","Mobilização de equipamento e pessoas","un",1,14856.0232,{"$f":"TRUNC(D9*E9,2)","v":14856.02}]
["1.2","Desmobilização de equipamentos e pessoas","un",1,14856.0232,{"$f":"TRUNC(D10*E10,2)","v":14856.02}]
["1.3","EXECUÇÃO DE ESCRITÓRIO EM CANTEIRO DE OBRA EM ALVENARIA, NÃO INCLUSOOBILIÁRIO E EQUIPAMENTOS. AF_02/2016","m²",40,923.18340000000001,36927.33]
["1.5","Administração local e Manutenção de canteiro de obras","global",1,522869.48,522869.48]
["1.6","Fornecimento de veículo leve (1.4 ou superior), com ar-condicionado para apoio à fiscalização, incluindo despesas com combustível, óleos, manutenção, licenciamento, seguros, impostos","mês",24,2535.9225999999999,60862.14]
["1.7","Placa de identificação de obra - fornecimento e instalação ","m²",26.4,376.57339999999999,9941.5300000000007]
["1.8","Confecção de placa de sinalização totalmente refletiva","m²",20,388.1542,7763.08]
["1.9","CERCA C/ 09 FIOS DE ARAME FARPADO 16 BWG 4\"x 4\", C/ ESTACAS DE CONCRETO PRE-MOLDADAS, C/ PONTA INCLINADA E DIMENSOES DE 0,10 x 0,10 x 3,00m","m",30,56.973399999999998,1709.2]
["2.0","REDE COLETORA CONVENCIONAL / LINHA DE RECALQUE / EMISSÁRIO FINAL",null,null,"Subtotal",{"$f":"SUM(F18:F104)+0.01","v":2974318.94}]
["2.1","SERVIÇOS PRELIMINARES"]
["2.1.1","LIMPEZA MANUAL DO TERRENO, INCL. RASPAGEM, JUNTAMENTO E QUEIMA DO MATERIAL","m²",1160,3.8448000000000002,{"$f":"TRUNC(D19*E19,2)","v":4459.96}]
["2.1.2","DESMATAMENTO, DESTOCAMENTO E LIMPEZA","m²",1115,0.47,524.04999999999995]
["2.1.3","LIMPEZA DE RUAS APOS EXEC. DE OBRAS EM  S.E.S.'s","m²",4930,0.59243000000000001,2920.67]
["2.1.4","LIMPEZA DE REDE COLETORA E EMISSÁRIO FINAL EXISTENTES","m",10859.01,2.82,30622.400000000001]
["2.1.5","LIMPEZA DE PV EXISTENTE","un",147,7.7174000000000005,1134.45]
["2.1.6","TESTE DE REDE COLETORA, LINHA DE RECALQUE E EMISSÁRIO FINAL","m",21498.54,2.82,60625.88]
["2.2","TRANSITO E SEGURANCA",null,null,0,0]
["2.2.1","Sinalização Diurna com Tela tapume em pvc - 10 usos","m",400,2.6507999999999998,1060.32]
["2.2.2","SINALIZACAO DE TRANSITO - NOTURNA","m",120,2.6602000000000001,319.22000000000003]
["2.2.3","ESCORAMENTO METALICO DE POSTES C/ ALTURA > 7,00m","un",3,699.76419999999996,2099.29]
["2.2.4","ESCORAMENTO EM MADEIRA DE MURO OU PAREDE EXISTENTE","m²",30,50.524999999999999,1515.75]
["2.2.5","PASSADICO EM MADEIRA DE LEI, COM CORRIMAO, P/ PEDESTRES","m²",14,61.993000000000002,867.9]
["2.3","SERVIÇOS TOPOGRÁFICOS",null,null,0,0]
["2.3.1","LOCACAO E NIVELAMENTO DE EMISSARIO/REDE COLETORA COM AUXILIO DE EQUIPAMENTO TOPOGRAFICO","m",6084,2.3406000000000002,14240.21]
["2.3.2","LEVANT. CADASTRAL PLANIALT. DE EIXO DE ADUTORA, LINHA DE RECALQUE, EMISSÁRIO E INTERCEPTOR C/ ESTAQ. DE 20 EM 20M; SEÇ.TRANSV., IMPLANT. DE RN, DESENHOS, PLANTAS NA ESC. 1:2000, C/ FAIXA DE 60 METROS","m",1600,2.0209999999999999,3233.6]
["2.4","SERVIÇOS DE CADASTRO DE OBRAS",null,null,0,0]
["2.4.1","CADASTRO COMPLETO DE REDE COLETORA DE ESGOTOS DE SISTEMA CONVENCIONAL","m",19598.099999999999,2.0209999999999999,39607.760000000002]
["2.4.2","CADASTRO COMPLETO DE ADUTORA, INTERCEPTOR OU EMISSARIO","m",1900.44,2.0209999999999999,3840.78]
["2.5","MOVIMENTAÇÃO DE TERRA E ROCHA",null,null,0,0]
["2.5.1","ESCAVAÇÕES DE VALAS",null,null,0,0]
["2.5.1.1","ESCAVAÇÃO MANUAL DE VALAS. AF_03/2016","m³",110,60.996599999999994,6709.62]
["2.5.1.2","ESCAVAÇÃO MECANIZADA DE VALA COM PROFUNDIDADE ATÉ 1,5 M (MÉDIA ENTRE MONTANTE E JUSANTE/UMA COMPOSIÇÃO POR TRECHO) COM RETROESCAVADEIRA (CAPACIDADE DA CAÇAMBA DA RETRO: 0,26 M3 / POTÊNCIA: 88 HP), LARGURA DE 0,8 M A 1,5 M, EM SOLO DE 1A CATEGORIA, LOCAISCOM BAIXO NÍVEL DE INTERFERÊNCIA. AF_01/2015","m³",3632,11.007400000000001,39978.870000000003]
["2.5.1.3","ESCAVAÇÃO MECANIZADA DE VALA COM PROFUNDIDADE MAIOR QUE 1,5 M ATÉ 3,0 M (MÉDIA ENTRE MONTANTE E JUSANTE/UMA COMPOSIÇÃO POR TRECHO) COM RETRO ESCAVADEIRA (CAPACIDADE DA CAÇAMBA DA RETRO: 0,26 M3 / POTÊNCIA: 88 HP), LARGURA DE 0,8 M A 1,5 M, EM SOLO DE 1ª CATEGORIA, LOCAIS COM BAIXO NÍVEL DE INTERFERÊNCIA. AF_01/2015","m³",103.31,9.8699999999999992,1019.66]
["2.5.1.4","ESCAV. MECANIZ. DE VALAS - ESGOTO - EM SOLO DE 2a CAT. EXECUTADA ENTRE AS PROFUND. DE 0 A 2,00m","m³",1240,11.966199999999999,14838.08]
["2.5.1.5","ESCAV. MECANIZ. DE VALAS - ESGOTO - EM SOLO DE 2a CAT. EXECUTADA ENTRE AS PROFUND. DE 2 A 4,00m","m³",74.989999999999995,13.677,1025.6300000000001]
["2.5.1.6","Desmonte de rocha dura incluindo perfuração, argamassa expansiva e retirada de material","m³",3630,389.14119999999997,1412582.55]
["2.5.2","ESCAVACOES DE POCOS E CAVAS DE FUNDACAO",null,null,0,0]
["2.5.2.1","ESCAVAÇÃO MANUAL DE VALAS. AF_03/2016","m³",15.44,60.996599999999994,941.78]
["2.5.2.2","ESCAVAÇÃO MECANIZADA DE VALA COM PROFUNDIDADE ATÉ 1,5 M (MÉDIA ENTRE MONTANTE E JUSANTE/UMA COMPOSIÇÃO POR TRECHO) COM RETROESCAVADEIRA (CAPACIDADE DA CAÇAMBA DA RETRO: 0,26 M3 / POTÊNCIA: 88 HP), LARGURA DE 0,8 M A 1,5 M, EM SOLO DE 1A CATEGORIA, LOCAISCOM BAIXO NÍVEL DE INTERFERÊNCIA. AF_01/2015","m³",250.09,11.007400000000001,2752.84]
["2.5.2.3","ESCAV. MECANIZ. DE POCOS E CAVAS DE FUNDACAO EM SOLO DE 2a CAT. EXECUTADA ENTRE AS PROFUND. DE 0 A 2,00m","m³",22,11.966199999999999,263.25]
["2.5.2.4","ESCAVACAO MECANICA DE VALA EM MATERIAL 2A. CATEGORIA DE 2,01 ATE 4,00M DE PROFUNDIDADE COM UTILIZACAO DE ESCAVADEIRA HIDRAULICA","m³",21.8,13.677,298.14999999999998]
["2.5.2.5","Desmonte de rocha dura incluindo perfuração, argamassa expansiva e retirada de material","m³",286,389.14119999999997,111294.38]
["2.5.3","ATERROS DE VALAS / POCOS / CAVAS DE FUNDACAOS",null,null,0,0]
["2.5.3.1","REATERRO MECANIZADO DE VALA COM RETROESCAVADEIRA (CAPACIDADE DA CAÇAMB A DA RETRO: 0,26 M³ / POTÊNCIA: 88 HP), LARGURA ATÉ 0,8 M, PROFUNDIDADE ATÉ 1,5 M, COM SOLO (SEM SUBSTITUIÇÃO) DE 1ª CATEGORIA EM LOCAIS COM BAIXO NÍVEL DE INTERFERÊNCIA. AF_04/2016","m³",4808,19.279399999999999,92695.35]
["2.5.3.2","ATERRO MECANIZADO DE VALA COM RETROESCAVADEIRA (CAPACIDADE DA CAÇAMBA DA RETRO: 0,26 M³ / POTÊNCIA: 88 HP), LARGURA ATÉ 0,8 M, PROFUNDIDADE ATÉ 1,5 M, COM SOLO ARGILO-ARENOSO. AF_05/2016","m³",1437,31.236199999999997,44886.41]
["2.5.4","ENVOLTORIAS E BERCOS P/ VALAS",null,null,0,0]
["2.5.4.1","PREPARO DE FUNDO DE VALA (LASTRO) COM LARGURA MENOR QUE 1,5 M, COM CAMADA DE AREIA, LANÇAMENTO MECANIZADO, EM LOCAL COM NÍVEL BAIXO DE INTERFERÊNCIA. AF_06/2016","m³",1696,158.1832,268278.7]
["2.5.4.2","PREPARO DE FUNDO DE VALA (LASTRO) COM LARGURA MENOR QUE 1,5 M, COM CAMADA DE BRITA, LANÇAMENTO MECANIZADO, EM LOCAL COM NÍVEL BAIXO DE INTERFERÊNCIA. AF_06/2016","m³",12,192.73759999999999,2312.85]
["2.6","TRANSPORTE DE SOLO, ROCHA E AGREGADOS",null,null,0,0]
["2.6.1","CARGA E DESCARGA MECANIZADAS DE ENTULHO EM CAMINHAO BASCULANTE 6 M3","m³",3916,4.1641999999999992,16307]
["2.6.2","CARGA E DESCARGA MECANICA DE SOLO UTILIZANDO CAMINHAO BASCULANTE 6,0M3/16T E PA CARREGADEIRA SOBRE PNEUS 128 HP, CAPACIDADE DA CAÇAMBA 1,7 A 2,8 M3, PESO OPERACIONAL 11632 KG","m³",2718.77,1.8235999999999999,4957.9399999999996]
["2.6.3","ESPALHAMENTO DE MATERIAL EM BOTA FORA, COM UTILIZACAO DE TRATOR DE ESTEIRAS DE 165 HP","m³",3916,1.0997999999999999,4306.8100000000004]
["2.6.4","ESPALHAMENTO DE MATERIAL DE 1A CATEGORIA COM TRATOR DE ESTEIRA COM 153HP","m³",1827,2.1901999999999999,4001.49]
["2.6.5","TRANSPORTE COM CAMINHÃO BASCULANTE DE 10 M3, EM VIA URBANA EM LEITO NATURAL (UNIDADE: M3XKM). AF_04/2016 (Rocha)","m³xkm",11748,1.5227999999999999,17889.849999999999]
["2.6.6","TRANSPORTE COM CAMINHÃO BASCULANTE DE 10 M3, EM VIA URBANA EM LEITO NATURAL (UNIDADE: M3XKM). AF_04/2016 (Solo)","m³xkm",8156.31,1.5227999999999999,12420.42]
["2.7","ESCORAMENTO",null,null,null,0]
["2.7.1","ESCORAMENTO DE VALA, TIPO PONTALETEAMENTO, COM PROFUNDIDADE DE 0 A 1,5M, LARGURA MENOR QUE 1,5 M, EM LOCAL COM NÍVEL BAIXO DE INTERFERÊNCIA. AF_06/2016","m²",228.5,16.0458,3666.46]
["2.7.2","ESCORAMENTO DE VALA, TIPO DESCONTÍNUO, COM PROFUNDIDADE DE 0 A 1,5 M,LARGURA MENOR QUE 1,5 M, EM LOCAL COM NÍVEL BAIXO DE INTERFERÊNCIA. AF_06/2016","m²",799,27.767599999999998,22186.31]
["2.7.3","Estrutura de escoramento contínua","m²",160,28.275199999999998,4524.03]
["2.8","ESGOTAMENTO",null,null,null,0]
["2.8.1","ESGOTAMENTO COM MOTO-BOMBA AUTOESCOVANTE","H",300,7.4823999999999993,2244.7199999999998]
["2.9","CAIXAS, TAMPAS E POCOS DE VISITA",null,null,null,0]
["2.9.1","PV EM ANEL DE CONCRETO PRE-MOLDADO DN=0,60m, EM PROFUND. ATE 1,20m, C/ FORNEC. MAT., S/ FORNEC. E ASSENT.DE TAMPAO","un",28,1180.9125999999999,33065.550000000003]
["2.9.2","PV EM ANEL DE CONCRETO PRE-MOLDADO DN=0,80m, C/ LAJE DE RED., EM PROFUND. ATE 1,80m, C/ FORNEC.DO MAT., S/ FORNEC. E ASSENT. DE TAMPAO","un",22,1397.0185999999999,30734.400000000001]
["2.9.3","PV EM ANEL DE CONCRETO PRE-MOLDADO DN=1,10m, C/ LAJE DE RED. E CHAMINE , ENTRE PROFUND. DE 1,81 E 3,50m, C/ FORNEC. MAT., S/ FORNEC. E ASSENT. DE TAMPAO","un",9,2132.6813999999999,19194.13]
["2.9.4","PV EM ANEL DE CONCRETO PRE-MOLDADO DN=1,10m, C/ LAJE DE RED. E CHAMINE, ENTRE PROFUND. DE 3,51 E 6,00m, C/ FORNEC. MAT., S/ FORNEC. E ASSENT. DE TAMPAO","un",3,3214.0009999999997,9642]
["2.9.5","ASSENTAMENTO DE TAMPAO DE FERRO FUNDIDO 600 MM","un",71,80.332399999999993,5703.6]
["2.9.6","ASSENT. DE TUBO DE QUEDA EXTERNO (TIPOS I E II), C/ ENVOLTORIA DE CONCRETO, C/ FORNECIMENTO DO MAT. HIDRAULICO","un",11,1326.011,14586.12]
["2.10","ASSENT. MONTAGEM E REMOÇAO DE TUBULACOES, PEÇAS, CONEXOES, VALVULAS E APARELHOS",null,null,null,0]
["2.10.1","ASSENTAMENTO DE TUBO DE PVC PARA REDE COLETORA DE ESGOTO DE PAREDE MACIÇA, DN 150 MM, JUNTA ELÁSTICA, INSTALADO EM LOCAL COM NÍVEL BAIXO DE INTERFERÊNCIAS (NÃO INCLUI FORNECIMENTO). AF_06/2015","m",4308.59,3.6566000000000001,15754.79]
["2.10.2","ASSENTAMENTO DE TUBO DE PVC PARA REDE COLETORA DE ESGOTO DE PAREDE MACIÇA, DN 200 MM, JUNTA ELÁSTICA, INSTALADO EM LOCAL COM NÍVEL BAIXO DE INTERFERÊNCIAS (NÃO INCLUI FORNECIMENTO). AF_06/2015","m",220,4.3334000000000001,953.34]
["2.10.3","ASSENTAMENTO DE TUBO FOFO COM JUNTA ELASTICA  - DN  100  - INCLUSIVE TRANSPORTE","m",470.44,4.5401999999999996,2135.89]
["2.10.4","ASSENTAMENTO DE TUBO FOFO COM JUNTA ELASTICA  - DN  150  - INCLUSIVE TRANSPORTE","m",68.599999999999994,7.4541999999999993,511.35]
["2.10.5","ASSENTAMENTO DE TUBO FOFO COM JUNTA ELASTICA  - DN  200  - INCLUSIVE TRANSPORTE","m",1017,9.5410000000000004,9703.19]
["2.11","TRANSPORTE DE TUBOS, PEÇAS E CONEXOES",null,null,null,{"$f":"TRUNC(D83*E83,2)","v":0}]
["2.11.1","CARGA E DESCARGA DE TUBOS PVC RIG. / RPVC, DN ATE 350 mm","m",4528.59,2.3311999999999999,10557.04]
["2.11.2","CARGA E DESCARGA DE TUBO DE F-F- DUCTIL OU AÇO CARBONO, P/DN ATE 300mm.","t",38,93.088200000000001,3537.35]
["2.12","DEMOLIÇAO E RECOMPOSIÇAO DE PAVIMENTOS",null,null,null,0]
["2.12.1","RETIRADA, LIMPEZA E REASSENTAMENTO DE PARALELEPIPEDO SOBRE COLCHAO DEPO DE PEDRA ESPESSURA 10CM, REJUNTADO COM ARGAMASSA TRACO 1:3 (CIMENTOE AREIA), CONSIDERANDO APROVEITAMENTO DO PARALELEPIPEDO","m²",6093,64.380599999999987,392270.99]
["2.12.2","DEMOLIÇÃO DE PAVIMENTAÇÃO ASFÁLTICA COM UTILIZAÇÃO DE MARTELO PERFURADOR, ESPESSURA ATÉ 15 CM, EXCLUSIVE CARGA E TRANSPORTE","m³",2174.67,10.7912,23467.29]
["2.12.3","CONCRETO BETUMINOSO USINADO A QUENTE COM CAP 50/70, BINDER, INCLUSO USINAGEM E APLICACAO, EXCLUSIVE TRANSPORTE","t",260.95999999999998,338.12739999999997,88237.72]
["2.12.4","TRANSPORTE DE MATERIAL ASFALTICO, COM CAMINHÃO COM CAPACIDADE DE 20000L EM RODOVIA PAVIMENTADA PARA DISTÂNCIAS MÉDIAS DE TRANSPORTE IGUAL OU INFERIOR A 100 KM. AF_02/2016","TXKM",19415.419999999998,1.4945999999999999,29018.28]
["2.13","ENSECADEIRAS P/ PEQUENAS OBRAS",null,null,null,0]
["2.13.1","COMPACTACAO DE ATERRO P/ ENSECADEIRAS C/ SOLO, INCL. DESTORROAMENTO, UMIDECIM., HOMOGENEIZ. E COMPACT. C/ ROLO","m³",200,5.4989999999999997,1099.8]
["2.13.2","CARGA E DESCARGA MECANICA DE SOLO UTILIZANDO CAMINHAO BASCULANTE 6,0M3/16T E PA CARREGADEIRA SOBRE PNEUS 128 HP, CAPACIDADE DA CAÇAMBA 1,7 A 2,8 M3.","m³",200,1.8235999999999999,364.72]
["2.13.3","TRANSPORTE COM CAMINHÃO BASCULANTE DE 10 M3, EM VIA URBANA EM LEITO NATURAL (UNIDADE: M3XKM). AF_04/2016 ","m³xkm",200,1.5227999999999999,304.56]
["2.14","ESTRUTURAS E FUNDACOES",null,null,0,0]
["2.14.1","CONCRETO FCK = 15MPA, TRAÇO 1:3,4:3,5 (CIMENTO/ AREIA MÉDIA/ BRITA 1)- PREPARO MECÂNICO COM BETONEIRA 400 L. AF_07/2016","m³",7.08,318.33099999999996,2253.7800000000002]
["2.14.2","CONCRETO FCK = 25MPA, TRAÇO 1:2,3:2,7 (CIMENTO/ AREIA MÉDIA/ BRITA 1) - PREPARO MECÂNICO COM BETONEIRA 400 L. AF_07/2016","m³",31.76,348.77760000000001,11077.17]
["2.14.3","CONCRETO FCK = 30MPA, TRAÇO 1:2,1:2,5 (CIMENTO/ AREIA MÉDIA/ BRITA 1) - PREPARO MECÂNICO COM BETONEIRA 400 L. AF_07/2016","m³",2.52,359.84139999999996,906.8]
["2.14.4","LANCAMENTO/APLICACAO MANUAL DE CONCRETO EM FUNDACOES","m³",41.36,102.47879999999999,4238.5200000000004]
["2.14.5","ARMAÇÃO DE FUNDAÇÕES E ESTRUTURAS DE CONCRETO ARMADO, EXCETO VIGAS, PILARES E LAJES (DE EDIFÍCIOS DE MÚLTIPLOS PAVIMENTOS, EDIFICAÇÃO TÉRREAOU SOBRADO), UTILIZANDO AÇO CA-50 DE 10.0 MM - MONTAGEM. AF_12/2015","kg",47.65,8.9017999999999997,424.17]
["2.14.6","FABRICAÇÃO, MONTAGEM E DESMONTAGEM DE FÔRMA DE LAJE MACIÇA COM ÁREA MÉDIA MENOR OU IGUAL A 20 M², PÉ-DIREITO SIMPLES, EM CHAPA DE MADEIRA COMPENSADA RES., 2 UTILIZ.","m²",89.15,38.229799999999997,3408.18]
["2.15","DRENAGEM, CONTENCOES E REFORCO DE SOLO",null,null,null,0]
["2.15.1","EXEC. DE BOCA DE BUEIRO EM CONCRETO CICLOPICO C/ 30% DE PEDRA DE MAO, fck=11 MPa, P/ BUEIRO C/ DN=400mm","un",1,927.78939999999989,927.78]
["2.15.2","ENROCAMENTO C/ PEDRA DE MAO, C/ ARRUMACAO MANUAL, INCL. FORNEC. DO MATERIAL","m³",2,392.51579999999996,785.03]
["3.0","REDE COLETORA CONDOMINIAL",null,null,"Subtotal",{"$f":"SUM(F106:F132)","v":90559.169999999969}]
["3.1","MOVIMENTO DE TERRA E ROCHA"]
["3.1.1","ESCAVAÇÃO MANUAL DE VALAS. AF_03/2016","m³",129.32,60.996599999999994,{"$f":"TRUNC(D107*E107,2)","v":7888.08}]
["3.1.2","ESCAVAÇÃO MECANIZADA DE VALA COM PROFUNDIDADE ATÉ 1,5 M (MÉDIA ENTRE MONTANTE E JUSANTE/UMA COMPOSIÇÃO POR TRECHO) COM RETROESCAVADEIRA (CAPACIDADE DA CAÇAMBA DA RETRO: 0,26 M3 / POTÊNCIA: 88 HP), LARGURA DE 0,8 M A 1,5 M, EM SOLO DE 1A CATEGORIA, LOCAISCOM BAIXO NÍVEL DE INTERFERÊNCIA. AF_01/2015","m³",109.15,11.007400000000001,1201.45]
["3.1.3","ESCAV. MECANIZ. DE VALAS - ESGOTO - EM SOLO DE 2a CAT. EXECUTADA ENTRE AS PROFUND. DE 0 A 2,00m","m³",169.79,11.966199999999999,2031.74]
["3.1.4","Desmonte de rocha dura incluindo perfuração, argamassa expansiva e retirada de material","m³",71,389.14119999999997,27629.02]
["3.1.5","REATERRO MECANIZADO DE VALA COM RETROESCAVADEIRA (CAPACIDADE DA CAÇAMB A DA RETRO: 0,26 M³ / POTÊNCIA: 88 HP), LARGURA ATÉ 0,8 M, PROFUNDIDADE ATÉ 1,5 M, COM SOLO (SEM SUBSTITUIÇÃO) DE 1ª CATEGORIA EM LOCAIS COM BAIXO NÍVEL DE INTERFERÊNCIA. AF_04/2016","m³",189.96,19.279399999999999,3662.31]
["3.1.6","ATERRO MECANIZADO DE VALA COM RETROESCAVADEIRA (CAPACIDADE DA CAÇAMBA DA RETRO: 0,26 M³ / POTÊNCIA: 88 HP), LARGURA ATÉ 0,8 M, PROFUNDIDADE ATÉ 1,5 M, COM SOLO ARGILO-ARENOSO. AF_05/2016","m³",78.38,31.236199999999997,2448.29]
["3.1.7","PREPARO DE FUNDO DE VALA (LASTRO) COM LARGURA MENOR QUE 1,5 M, COM CAMADA DE AREIA, LANÇAMENTO MECANIZADO, EM LOCAL COM NÍVEL BAIXO DE INTERFERÊNCIA. AF_06/2016","m³",198.08,158.1832,31332.92]
["3.2","TRANSPORTE DE SOLO, ROCHA E AGREGADOS",null,null,null,0]
["3.2.1","CARGA E DESCARGA MECANIZADAS DE ENTULHO EM CAMINHAO BASCULANTE 6 M3","m³",71,4.1641999999999992,295.64999999999998]
["3.2.2","CARGA E DESCARGA MECANICA DE SOLO UTILIZANDO CAMINHAO BASCULANTE 6,0M3/16T E PA CARREGADEIRA SOBRE PNEUS 128 HP, CAPACIDADE DA CAÇAMBA 1,7 A 2,8 M3, PESO OPERACIONAL 11632 KG","m³",297.13,1.8235999999999999,541.84]
["3.2.3","ESPALHAMENTO DE MATERIAL EM BOTA FORA, COM UTILIZACAO DE TRATOR DE ESTEIRAS DE 165 HP","m³",71,1.0997999999999999,78.08]
["3.2.4","ESPALHAMENTO DE MATERIAL DE 1A CATEGORIA COM TRATOR DE ESTEIRA COM 153HP","m³",218.3,2.1901999999999999,478.12]
["3.2.5","TRANSPORTE COM CAMINHÃO BASCULANTE DE 10 M3, EM VIA URBANA EM LEITO NATURAL (UNIDADE: M3XKM). AF_04/2016 (Rocha)","m³xkm",213,1.5227999999999999,324.35000000000002]
["3.2.6","TRANSPORTE COM CAMINHÃO BASCULANTE DE 10 M3, EM VIA URBANA EM LEITO NATURAL (UNIDADE: M3XKM). AF_04/2016 (Solo)","m³xkm",891.39,1.5227999999999999,1357.4]
["3.3","ESTRUTURAS E FUNDACOES",null,null,null,0]
["3.3.1","CONCRETO FCK = 15MPA, TRAÇO 1:3,4:3,5 (CIMENTO/ AREIA MÉDIA/ BRITA 1)- PREPARO MECÂNICO COM BETONEIRA 400 L. AF_07/2016","m³",1.53,318.33099999999996,487.04]
["3.3.2","LANCAMENTO/APLICACAO MANUAL DE CONCRETO EM FUNDACOES","m³",1.53,102.47879999999999,156.79]
["3.4","CAIXAS, TAMPAS E POCOS DE VISITA",null,null,null,0]
["3.4.1","Caixa de concreto armado pré-moldado, p/ ligação predial de esgoto sanitário, e=0,07 m, secao interna de 0,40 X 0,54m E  0,41 m <= h < =0,80m, s/ fornecimento e assentamento de tampa","un",55,77.268000000000001,4249.74]
["3.4.2","FORNEC. E ASSENT. DE TAMPA RETANGULAR DE CONCRETO ARMADO P/ CAIXA DE INSPECAO SANITARIA (59 X 45cm) e= 7cm","un",55,29.920199999999998,1645.61]
["3.5","ASSENT. MONTAGEM E REMOÇAO DE TUBULACOES, PEÇAS, CONEXOES, VALVULAS E APARELHOS",null,null,null,0]
["3.5.1","ASSENTAMENTO DE TUBO DE PVC PARA REDE COLETORA DE ESGOTO DE PAREDE MACIÇA, DN 150 MM, JUNTA ELÁSTICA, INSTALADO EM LOCAL COM NÍVEL BAIXO DE INTERFERÊNCIAS (NÃO INCLUI FORNECIMENTO). AF_06/2015","m",727,3.6566000000000001,2658.34]
["3.6","TRANSPORTE DE TUBOS, PEÇAS E CONEXOES",null,null,null,0]
["3.6.1","CARGA E DESCARGA DE TUBOS PVC RIG. / RPVC, DN ATE 350 mm","m",727,2.3311999999999999,1694.78]
["3.7","LIGAÇOES PREDIAIS DE ESGOTO",null,null,0,0]
["3.7.1","EXECUÇAO DE LIGAÇAO PREDIAL CONDOMINIAL,EM RAMAL DE DESCARGA EXISTENTE, C/DN 100 A 150MM ,S/FORNECIMENTO DO MAT. HIDRAULICO","un",60,6.6269999999999998,397.62]
["4.0","RAMAIS PREDIAIS",null,null,"Subtotal",{"$f":"SUM(F134:F142)","v":342842.5}]
["4.1","CAIXAS, TAMPAS E POCOS DE VISITA"]
["4.1.1","Caixa de concreto armado pré-moldado, p/ ligação predial de esgoto sanitário, e=0,07 m, secao interna de 0,40 X 0,54m, h = 0,40m, s/ fornecimento e assentamento de tampa","un",426,41.576199999999993,{"$f":"TRUNC(D135*E135,2)","v":17711.46}]
["4.1.2","Caixa de concreto armado pré-moldado, p/ ligação predial de esgoto sanitário, e=0,07 m, secao interna de 0,40 X 0,54m E  0,41 m <= h < =0,80m, s/ fornecimento e assentamento de tampa","un",236,77.268000000000001,18235.240000000002]
["4.1..3","Caixa de concreto armado pré-moldado, p/ ligação predial de esgoto sanitário, e=0,07 m, secao interna de 0,40 X 0,54m E  0,81 m <= h < =1,20m, s/ fornecimento e assentamento de tampa","un",49,108.48539999999998,5315.78]
["4.1.4","FORNEC. E ASSENT. DE TAMPA RETANGULAR DE CONCRETO ARMADO P/ CAIXA DE INSPECAO SANITARIA (59 X 45cm) e= 7cm","un",711,29.920199999999998,21273.26]
["4.2","LIGAÇOES PREDIAIS DE ESGOTO",null,null,null,0]
["4.2.1","EXECUÇAO DE RAMAL PREDIAL P/ESGOTO, EM PAV. C/ PARALELEPIPEDO/PEDRA IRREGULAR, DN 100mm","m",2754,79.871799999999993,219966.93]
["4.2.2","EXECUÇAO DE RAMAL PREDIAL P/ESGOTO,EM TERRENO NATURAL,DN 100mm","m",1130,51.079599999999999,57719.94]
["4.2.3","TAMPONAMENTO DO RAMAL DOMICILIAR, C/ PASTILHA DE ARGAMASSA, INCL. FORNEC. DO MAT.","un",711,3.6847999999999996,2619.89]
["5.0","ESTAÇÕES ELEVATÓRIAS E TRATAMENTO",null,null,"Subtotal",{"$f":"SUM(F144:F223)","v":416750.79000000004}]
["5.1","SERVICOS PRELIMINARES"]
["5.1.1","LIMPEZA MANUAL DO TERRENO, INCL. RASPAGEM, JUNTAMENTO E QUEIMA DO MATERIAL","m²",372.55,3.8445999999999998,{"$f":"TRUNC(D145*E145,2)","v":1432.3}]
["5.2","TRANSITO E SEGURANCA",null,null,null,0]
["5.2.1","TAPUME EM CHAPA DE MADEIRA COMPENSADA P/ ISOLAR O LOCAL DAS OBRAS, INCL. FORNEC., INSTAL. E PINTURA PADRAO CODEVASF","m²",126,58.308199999999999,7346.83]
["5.3","SERVICOS DE CADASTRO DE OBRAS",null,null,null,0]
["5.3.1","CADASTRO DE OBRAS CIVIS","m²",168.69,26.536199999999997,4476.3900000000003]
["5.3.2","GABARITO P/ EDIFICACOES","m²",114.55,11.618399999999999,1330.88]
["5.4","MOVIMENTO DE TERRA E ROCHA",null,null,null,0]
["5.4.1","ESCAVACOES DE POCOS E CAVAS DE FUNDACAO",null,null,null,0]
["5.4.1.1","ESCAVAÇÃO MANUAL DE POÇOS E VALAS. AF_03/2016","m³",37.35,60.996599999999994,2278.2199999999998]
["5.4.1.2","ESCAVAÇÃO MECANIZADA DE VALA COM PROFUNDIDADE ATÉ 1,5 M (MÉDIA ENTRE MONTANTE E JUSANTE/UMA COMPOSIÇÃO POR TRECHO) COM RETROESCAVADEIRA (CAPACIDADE DA CAÇAMBA DA RETRO: 0,26 M3 / POTÊNCIA: 88 HP), LARGURA DE 0,8 M A 1,5 M, EM SOLO DE 1A CATEGORIA, LOCAISCOM BAIXO NÍVEL DE INTERFERÊNCIA. AF_01/2015","m³",3,11.007400000000001,33.020000000000003]
["5.4.1.3","ESCAVACAO MECANICA DE VALA EM MATERIAL DE 2A. CATEGORIA ATE 2 M DE PROFUNDIDADE COM UTILIZACAO DE ESCAVADEIRA HIDRAULICA","m³",30.4,11.966199999999999,363.77]
["5.4.1.4","Desmonte de rocha dura incluindo perfuração, argamassa expansiva e retirada de material","m³",134,389.14119999999997,52144.92]
["5.4.2","ATERROS DE VALAS / POCOS / CAVAS DE FUNDACAO",null,null,null,0]
["5.4.2.1","ATERRO MECANIZADO DE VALA COM RETROESCAVADEIRA (CAPACIDADE DA CAÇAMBA DA RETRO: 0,26 M³ / POTÊNCIA: 88 HP), LARGURA ATÉ 0,8 M, PROFUNDIDADE ATÉ 1,5 M, COM SOLO ARGILO-ARENOSO. AF_05/2016","m³",34.299999999999997,31.236199999999997,1071.4000000000001]
["5.4.2.2","REATERRO MECANIZADO DE VALA COM RETROESCAVADEIRA (CAPACIDADE DA CAÇAMB A DA RETRO: 0,26 M³ / POTÊNCIA: 88 HP), LARGURA ATÉ 0,8 M, PROFUNDIDADE ATÉ 1,5 M, COM SOLO (SEM SUBSTITUIÇÃO) DE 1ª CATEGORIA EM LOCAIS COM BAIXO NÍVEL DE INTERFERÊNCIA. AF_04/2016","m³",74.83,19.279399999999999,1442.67]
["5.5","TRANSPORTE DE SOLO, ROCHA E AGREGADOS",null,null,null,0]
["5.5.1","CARGA E DESCARGA MECANIZADAS DE ENTULHO EM CAMINHAO BASCULANTE 6 M3 (Rocha)","m³",134,4.1641999999999992,558]
["5.5.2","CARGA E DESCARGA MECANICA DE SOLO UTILIZANDO CAMINHAO BASCULANTE 6,0M3/16T E PA CARREGADEIRA SOBRE PNEUS 128 HP, CAPACIDADE DA CAÇAMBA 1,7 A 2,8 M3, PESO OPERACIONAL 11632 KG","m³",34.299999999999997,1.8235999999999999,62.54]
["5.5.3","ESPALHAMENTO DE MATERIAL EM BOTA FORA, COM UTILIZACAO DE TRATOR DE ESTEIRAS DE 165 HP","m³",134,1.0997999999999999,147.37]
["5.5.4","ESPALHAMENTO DE MATERIAL DE 1A CATEGORIA COM TRATOR DE ESTEIRA COM 153HP","m³",9.0399999999999991,2.1901999999999999,19.79]
["5.5.5","TRANSPORTE COM CAMINHÃO BASCULANTE DE 10 M3, EM VIA URBANA EM LEITO NATURAL (UNIDADE: M3XKM). AF_04/2016 (Rocha)","m³xkm",402,1.5227999999999999,612.16]
["5.5.6","TRANSPORTE COM CAMINHÃO BASCULANTE DE 10 M3, EM VIA URBANA EM LEITO NATURAL (UNIDADE: M3XKM). AF_04/2016 (Solo)","m³xkm",102.9,1.5227999999999999,156.69]
["5.6","ESCORAMENTO",null,null,null,0]
["5.6.1","ESCORAMENTO CONTINUO C/ ESTACAS METALICAS","m²",40,57.988599999999991,2319.54]
["5.7","ESGOTAMENTO",null,null,null,0]
["5.7.1","ESGOTAMENTO COM MOTO-BOMBA AUTOESCOVANTE","h",221,7.4823999999999993,1653.61]
["5.8","ESTRUTURAS E FUNDACOES",null,null,null,0]
["5.8.1","CONCRETO FCK = 15MPA, TRAÇO 1:3,4:3,5 (CIMENTO/ AREIA MÉDIA/ BRITA 1)- PREPARO MECÂNICO COM BETONEIRA 400 L. AF_07/2016","m³",1.79,318.33099999999996,569.80999999999995]
["5.8.2","CONCRETO FCK = 30MPA, TRAÇO 1:2,1:2,5 (CIMENTO/ AREIA MÉDIA/ BRITA 1) - PREPARO MECÂNICO COM BETONEIRA 400 L. AF_07/2016","m³",53.55,359.84139999999996,19269.5]
["5.8.3","LANCAMENTO/APLICACAO MANUAL DE CONCRETO EM FUNDACOES","m³",55.34,102.47879999999999,5671.17]
["5.8.4","ARMAÇÃO DE FUNDAÇÕES E ESTRUTURAS DE CONCRETO ARMADO, EXCETO VIGAS, PILARES E LAJES (DE EDIFÍCIOS DE MÚLTIPLOS PAVIMENTOS, EDIFICAÇÃO TÉRREAOU SOBRADO), UTILIZANDO AÇO CA-50 DE 10.0 MM - MONTAGEM. AF_12/2015","kg",3224.63,8.9017999999999997,28705.01]
["5.8.5","FABRICAÇÃO, MONTAGEM E DESMONTAGEM DE FÔRMA DE LAJE MACIÇA COM ÁREA MÉDIA MENOR OU IGUAL A 20 M², PÉ-DIREITO SIMPLES, EM CHAPA DE MADEIRA COMPENSADA RES., 2 UTILIZ.","m²",17.86,38.229799999999997,682.78]
["5.8.6","Forma curva para estruturas, em compensado resinado de 10mm , 02 usos, inclusive escoramento","m²",266.88,103.11799999999999,27520.13]
["5.8.7","ESCORAMENTO FORMAS H=3,50 A 4,00 M, COM MADEIRA DE 3A QUALIDADE, NAO APARELHADA, APROVEITAMENTO TABUAS 3X E PRUMOS 4X.","m³",89.34,18.010400000000001,1609.04]
["5.9","CAIXAS, TAMPAS E POCOS DE VISITA",null,null,null,0]
["5.9.1","PV EM ANEL DE CONCRETO PRE-MOLDADO DN=1,10m, C/ LAJE DE RED. E CHAMINE , ENTRE PROFUND. DE 1,81 E 3,50m, C/ FORNEC. MAT., S/ FORNEC. E ASSENT. DE TAMPAO","un",1,2132.6813999999999,2132.6799999999998]
["5.9.2","PV EM ANEL DE CONCRETO PRE-MOLDADO DN=1,10m, C/ LAJE DE RED. E CHAMINE, ENTRE PROFUND. DE 3,51 E 6,00m, C/ FORNEC. MAT., S/ FORNEC. E ASSENT. DE TAMPAO","un",1,3214.0009999999997,3214]
["5.9.3","ASSENTAMENTO DE TAMPAO DE FERRO FUNDIDO 600 MM","un",2,80.332399999999993,160.66]
["5.9.4","FORN. E ASSENT. DE TAMPA EM FERRO FUNDIDO P/ INSPEÇÃO  CONFORME PROJETO, INCLUSIVE PINTURA  ANTICORROSIVA A ÓLEO EM DUAS DEMÃOS E ACESSÓRIOS DE FIXAÇÃO","m²",0.98,396.95260000000002,389.01]
["5.10","DRENAGEM, CONTENCOES E REFORCO DE SOLO",null,null,null,0]
["5.10.1","ENROCAMENTO C/ PEDRA DE MAO, C/ ARRUMACAO MANUAL, INCL. FORNEC. DO MATERIAL","m³",0.48,392.51579999999996,188.4]
["5.11","ASSENT. MONTAGEM E REMOÇAO DE TUBULACOES, PEÇAS, CONEXOES, VALVULAS E APARELHOS",null,null,null,0]
["5.11.1","MONT. DE PEÇAS, CONEXOES, VALVULAS, APARELHOS E ACESSORIOS DE FERRO FUNDIDO DUCTIL OU AÇO CARBONO, JUNTA FLANGEADA OU MECANICA C/ DIAMETROS DE 50 A 250 mm.","kg",3196.73,10.518599999999999,33625.120000000003]
["5.11.2","ASSENTAMENTO DE TUBO DE PVC PARA REDE COLETORA DE ESGOTO DE PAREDE MACIÇA, DN 150 MM, JUNTA ELÁSTICA, INSTALADO EM LOCAL COM NÍVEL BAIXO DE INTERFERÊNCIAS (NÃO INCLUI FORNECIMENTO). AF_06/2015","m",39,3.6566000000000001,142.6]
["5.11.3","ASSENTAMENTO DE TUBO DE PVC PARA REDE COLETORA DE ESGOTO DE PAREDE MACIÇA, DN 200 MM, JUNTA ELÁSTICA, INSTALADO EM LOCAL COM NÍVEL BAIXO DE INTERFERÊNCIAS (NÃO INCLUI FORNECIMENTO). AF_06/2015","m",25,4.3334000000000001,108.33]
["5.12","TRANSPORTE DE TUBOS, PEÇAS E CONEXOES",null,null,null,0]
["5.12.1","CARGA E DESCARGA DE TUBOS PVC RIG. / RPVC, DN ATE 350 mm","m",64,2.3311999999999999,149.19]
["5.12.2","CARGA E DESCARGA DE TUBO DE F-F- DUCTIL OU AÇO CARBONO, P/DN ATE 300mm.","t",3.2,93.088200000000001,297.88]
["5.13","EDIFICAÇOES",null,null,null,0]
["5.13.1","ALVENARIA DE VEDAÇÃO DE BLOCOS CERÂMICOS FURADOS NA HORIZONTAL DE 9X14X19CM (ESPESSURA 9CM) DE PAREDES COM ÁREA LÍQUIDA MENOR QUE 6M² SEM VÃOS E ARGAMASSA DE ASSENTAMENTO COM PREPARO EM BETONEIRA. AF_06/2014","m²",234.38,94.413599999999988,22128.65]
["5.13.2","ALVENARIA EM TIJOLO CERAMICO MACICO 5X10X20CM 1/2 VEZ (ESPESSURA 10CM), ASSENTADO COM ARGAMASSA TRACO 1:2:8 (CIMENTO, CAL E AREIA)","m²",4.3600000000000003,59.163599999999995,257.95]
["5.13.3","ELEMENTOS VAZADOS DE CONCRETO PRE-MOLDADO (COBOGO)","m²",13.15,125.1234,1645.37]
["5.13.4","REVESTIMENTO C/ ARGAMASSA  DE CIMENTO E AREIA GROSSA P/ REVESTIMENTO DE CAIXAS","m²",8.7200000000000006,40.025199999999998,349.01]
["5.13.5","EMBASAMENTO C/PEDRA ARGAMASSADA UTILIZANDO ARG.CIM/AREIA 1:4","m³",20.77,395.62719999999996,8217.17]
["5.13.6","TELHAMENTO COM TELHA CERÂMICA CAPA-CANAL, TIPO COLONIAL, COM ATÉ 2 ÁGUAS, INCLUSO TRANSPORTE VERTICAL. AF_06/2016","m²",48.36,25.135599999999997,1215.55]
["5.13.7","TRAMA DE MADEIRA COMPOSTA POR RIPAS, CAIBROS E TERÇAS PARA TELHADOS DEATÉ 2 ÁGUAS PARA TELHA CERÂMICA CAPA-CANAL, INCLUSO TRANSPORTE VERTIC\nAL. AF_12/2015","m²",48.36,60.282199999999989,2915.24]
["5.13.8","PORTA DE FERRO LISA, DE ABRIR, C/ 02 FOLHAS, INCL. FERRAGENS, GUARNIÇOES, LIXAMENTO E PINTURA DE PROTEÇAO A BASE DE EPOXI","m²",9.24,547.86019999999996,5062.22]
["5.13.9","CHAPISCO APLICADO EM ALVENARIAS E ESTRUTURAS DE CONCRETO INTERNAS, COMCOLHER DE PEDREIRO. ARGAMASSA TRAÇO 1:3 COM PREPARO EM BETONEIRA 400\nL. AF_06/2014","m²",511.13,2.9139999999999997,1489.43]
["5.13.10","MASSA ÚNICA, PARA RECEBIMENTO DE PINTURA, EM ARGAMASSA TRAÇO 1:2:8, PREPARO MECÂNICO COM BETONEIRA 400L, APLICADA MANUALMENTE EM FACES INTER\nNAS DE PAREDES, ESPESSURA DE 20MM, COM EXECUÇÃO DE TALISCAS. AF_06/201\n4","m²",511.13,33.407599999999995,17075.62]
["5.13.11","LASTRO DE CONCRETO, PREPARO MECÂNICO, INCLUSOS ADITIVO IMPERMEABILIZANTE, LANÇAMENTO E ADENSAMENTO","m³",3.85,556.6303999999999,2143.02]
["5.13.12","PISO CIMENTADO, ALISADO","m²",76.89,43.926199999999994,3377.48]
["5.13.13","APLICAÇÃO MANUAL DE PINTURA COM TINTA LÁTEX PVA EM PAREDES, DUAS DEMÃOS. AF_06/2014","m²",714.63,9.5221999999999998,6804.84]
["5.13.14","ESCADA TIPO MARINHEIRO EM TUBO ACO GALVANIZADO 1 1/2\" 5 DEGRAUS","m",10.7,228.2038,2441.7800000000002]
["5.14","URBANIZAÇÃO",null,null,null,0]
["5.14.1","EXECUÇÃO DE PASSEIO (CALÇADA) COM CONCRETO MOLDADO IN LOCO, FEITO EM OBRA, ACABAMENTO CONVENCIONAL, NÃO ARMADO. AF_07/2016 (ESPESSURA 6 CM)","m³",14,602.09819999999991,{"$f":"TRUNC(D209*E209,2)","v":8429.3700000000008}]
["5.14.2","CERCA C/ 09 FIOS DE ARAME FARPADO 16 BWG 4\"x 4\", C/ ESTACAS DE CONCRETO PRE-MOLDADAS, C/ PONTA INCLINADA E DIMENSOES DE 0,10 x 0,10 x 3,00m","m",71,56.973399999999998,4045.11]
["5.14.3","PORTAO P/ VEICULOS EM TUBOS DE FERRO GALVANIZADO DE 01 OU 02 FOLHAS, C/ VEDAÇAO EM CHAPA DE AÇO GALVANIZADO,INCL. GUARNIÇOES E FERRAGENS, C/ LARGURA DE 2 A 5m","m²",20,960.11599999999987,19202.32]
["5.15","INSTALAÇOES MECANICAS",null,null,null,0]
["5.15.1","INSTALACAO DE CONJ.MOTO BOMBA HORIZONTAL ATE 10 CV","un",2,619.89239999999995,1239.78]
["5.15.2","INSTALACAO DE CONJ.MOTO BOMBA SUBMERSIVEL DE 11 A 25 CV","un",2,356.97439999999995,713.94]
["5.16","ESTAÇAO DE TRATAMENTO - AGUA E ESGOTO",null,null,null,0]
["5.16.1","FORNEC.E INST.DE VERTEDOR DE FIBRA DE VIDRO,C/ACIONAMENTO DIRETO NA GAVETA, e=6 mm, INCL.QUADRO DE FIBRA DE VIDRO E CHUMBADORES DE AÇO INOX","m²",1.2,419.73819999999995,503.68]
["5.16.2","FORNEC.E ASSENT.DE GRADE MANUAL P/PRE-TRATAMENTO DE ESGOTOS/AGUA BRUTA","m²",2,69.287399999999991,138.57]
["5.16.3","FORNEC.E INST.DE STOP LOG'S E VERTEDORES EM FIBRA DE VIDRO,C/GUIAS EM ALUMINIO PARA ELEVATORIAS ATE 100l/s","m²",1.89,445.69159999999994,842.35]
["5.16.4","FORNEC.E INST.DE CHAVE TIPO T EM TUBOS GALVANIZADO P/CABEÇOTE DE REGISTRO","un",2,1065.6779999999999,2131.35]
["5.17","TRATAMENTO / IMPERMEABILIZAÇAO",null,null,null,0]
["5.17.1","IMPERMEABILIZAÇAO EM ESTAÇOES DE TRAT. DE AGUA E ESGOTO COM PREPARO DE SUPERFICIE E TRATAMENTO EPOXI","m²",156.57,184.70060000000001,28918.57]
["5.18","PRÉ-OPERAÇÃO DO SISTEMA",null,null,null,0]
["5.18.1","PRÉ-OPERAÇÃO DO SISTEMA APÓS ENTREGA DA OBRA","mês",6,12262.835799999999,73577.009999999995]
["6.0","ESTRUTURA DE ENTRADA E DAFA'S",null,null,"Subtotal",{"$f":"SUM(F225:F252)","v":107299.47}]
["6.1","SERVICOS DE CADASTRO DE OBRAS"]
["6.1.1","LOCACAO DA OBRA, COM USO DE EQUIPAMENTOS TOPOGRAFICOS, INCLUSIVE NIVELADOR","m²",130.5,26.536199999999997,{"$f":"TRUNC(D226*E226,2)","v":3462.97}]
["6.2","MOVIMENTO DE TERRA E ROCHA",null,null,null,0]
["6.2.1","ESCAVAÇÃO MANUAL DE VALAS. AF_03/2016","m³",117.76,60.996599999999994,7182.95]
["6.2.2","REATERRO MECANIZADO DE VALA COM RETROESCAVADEIRA (CAPACIDADE DA CAÇAMB A DA RETRO: 0,26 M³ / POTÊNCIA: 88 HP), LARGURA ATÉ 0,8 M, PROFUNDIDADE ATÉ 1,5 M, COM SOLO (SEM SUBSTITUIÇÃO) DE 1ª CATEGORIA EM LOCAIS COM BAIXO NÍVEL DE INTERFERÊNCIA. AF_04/2016","m³",52.68,19.279399999999999,1015.63]
["6.3","TRANSPORTE DE SOLO, ROCHA E AGREGADOS",null,null,null,0]
["6.3.1","CARGA E DESCARGA MECANICA DE SOLO UTILIZANDO CAMINHAO BASCULANTE 6,0M3/16T E PA CARREGADEIRA SOBRE PNEUS 128 HP, CAPACIDADE DA CAÇAMBA 1,7 A 2,8 M3, PESO OPERACIONAL 11632 KG","m³",65.08,1.8235999999999999,118.67]
["6.3.2","ESPALHAMENTO DE MATERIAL DE 1A CATEGORIA COM TRATOR DE ESTEIRA COM 153HP","m³",65.08,2.1901999999999999,142.53]
["6.3.3","TRANSPORTE COM CAMINHÃO BASCULANTE DE 10 M3, EM VIA URBANA EM LEITO NATURAL (UNIDADE: M3XKM). AF_04/2016 (Solo)","m³xkm",325.39999999999998,1.5227999999999999,495.51]
["6.4","ESTRUTURAS E FUNDACOES",null,null,null,0]
["6.4.1","CONCRETO FCK = 15MPA, TRAÇO 1:3,4:3,5 (CIMENTO/ AREIA MÉDIA/ BRITA 1)- PREPARO MECÂNICO COM BETONEIRA 400 L. AF_07/2016","m³",16.46,318.33099999999996,5239.72]
["6.4.2","LANCAMENTO/APLICACAO MANUAL DE CONCRETO EM FUNDACOES","m³",16.46,102.47879999999999,1686.8]
["6.5","CAIXAS, TAMPAS E POCOS DE VISITA",null,null,null,0]
["6.5.1","CAIXA DE PASSAGEM/RECEPCAO EM ALVEN. DE TIJOLO MACICO, TAMPA EM CONCRETO ARMADO, SECAO INTERNA 1,00 X 1,00m, h<=1,30 m","un",5,1432.1369999999999,7160.68]
["6.6","ASSENT. MONTAGEM E REMOÇAO DE TUBULACOES, PEÇAS, CONEXOES, VALVULAS E APARELHOS",null,null,null,0]
["6.6.1","MONT. DE PEÇAS, CONEXOES, VALVULAS, APARELHOS E ACESSORIOS DE FERRO FUNDIDO DUCTIL OU AÇO CARBONO, JUNTA FLANGEADA OU MECANICA C/ DIAMETROS DE 50 A 250 mm.","kg",4580.75,10.518599999999999,48183.07]
["6.6.2","ASSENTAMENTO DE TUBO DE PVC PARA REDE COLETORA DE ESGOTO DE PAREDE MACIÇA, DN 200 MM, JUNTA ELÁSTICA, INSTALADO EM LOCAL COM NÍVEL BAIXO DE INTERFERÊNCIAS (NÃO INCLUI FORNECIMENTO). AF_06/2015","m",39,4.3334000000000001,169]
["6.7","TRANSPORTE DE TUBOS, PEÇAS E CONEXOES",null,null,null,0]
["6.7.1","CARGA E DESCARGA DE TUBOS PVC RIG. / RPVC, DN ATE 350 mm","m",39,2.3311999999999999,90.91]
["6.7.2","CARGA E DESCARGA DE TUBO DE F-F- DUCTIL OU AÇO CARBONO, P/DN ATE 300mm.","t",4.58,543.24479999999994,2488.06]
["6.8","ESTAÇÃO DE TRATAMENTO - TESTE DE ESTANQUEIDADE",null,null,null,0]
["6.8.3","TESTE DE ESTANQUEIDADE EM RESERVATÓRIOS DE CONCRETO ARMADO (DAFA'S)","un",4,543.24479999999994,2172.9699999999998]
["6.10","SERVIÇOS COMPLEMENTARES",null,null,null,0]
["6.10.1","ESCADA TIPO MARINHEIRO EM TUBO ACO GALVANIZADO 1 1/2\" 5 DEGRAUS","m",6,228.2038,1369.22]
["6.10.2","APLICAÇÃO MANUAL DE PINTURA COM TINTA LÁTEX ACRÍLICA EM PAREDES, DUAS DEMÃOS. AF_06/2014","m²",269.27999999999997,11.937999999999999,3214.66]
["6.10.3","GUARDA-CORPO EM TUBO DE ACO GALVANIZADO 1 1/2\"","m²",52.8,303.60120000000001,16030.14]
["6.10.4","PINTURA ESMALTE BRILHANTE (2 DEMAOS) SOBRE SUPERFICIE METALICA, INCLUSIVE PROTECAO COM ZARCAO (1 DEMAO)","m²",55.8,34.770600000000002,1940.19]
["6.10.5","PISO CIMENTADO TRACO 1:4 (CIMENTO E AREIA) ACABAMENTO  LISO ESPESSURA 2,5CM PREPARO MANUAL DA ARGAMASSA","m²",113.4,45.289199999999994,5135.79]
["7.0","LEITO DE SECAGEM",null,null,"Subtotal",{"$f":"SUM(F254:F282)","v":46351.24}]
["7.1","SERVICOS PRELIMINARES"]
["7.1.1","LOCACAO DA OBRA, COM USO DE EQUIPAMENTOS TOPOGRAFICOS, INCLUSIVE NIVELADOR","m²",236.39,26.536199999999997,{"$f":"TRUNC(D255*E255,2)","v":6272.89}]
["7.2","MOVIMENTO DE TERRA E ROCHA",null,null,null,0]
["7.2.1","ESCAVAÇÃO MANUAL DE VALAS. AF_03/2016","m³",158.19,60.996599999999994,9649.0499999999993]
["7.2.2","REATERRO MECANIZADO DE VALA COM RETROESCAVADEIRA (CAPACIDADE DA CAÇAMB A DA RETRO: 0,26 M³ / POTÊNCIA: 88 HP), LARGURA ATÉ 0,8 M, PROFUNDIDADE ATÉ 1,5 M, COM SOLO (SEM SUBSTITUIÇÃO) DE 1ª CATEGORIA EM LOCAIS COM BAIXO NÍVEL DE INTERFERÊNCIA. AF_04/2016","m³",44.22,19.279399999999999,852.53]
["7.3","TRANSPORTE DE SOLO, ROCHA E AGREGADOS",null,null,null,0]
["7.3.1","CARGA E DESCARGA MECANICA DE SOLO UTILIZANDO CAMINHAO BASCULANTE 6,0M3/16T E PA CARREGADEIRA SOBRE PNEUS 128 HP, CAPACIDADE DA CAÇAMBA 1,7 A 2,8 M3, PESO OPERACIONAL 11632 KG","m³",113.97,1.8235999999999999,207.83]
["7.3.2","ESPALHAMENTO DE MATERIAL DE 1A CATEGORIA COM TRATOR DE ESTEIRA COM 153HP","m³",113.97,2.1901999999999999,249.61]
["7.3.3","TRANSPORTE COM CAMINHÃO BASCULANTE DE 10 M3, EM VIA URBANA EM LEITO NATURAL (UNIDADE: M3XKM). AF_04/2016 (Solo)","m³xkm",569.85,1.5227999999999999,867.76]
["7.4","ESTRUTURAS E FUNDACOES",null,null,null,0]
["7.4.1","CONCRETO FCK = 15MPA, TRAÇO 1:3,4:3,5 (CIMENTO/ AREIA MÉDIA/ BRITA 1)- PREPARO MECÂNICO COM BETONEIRA 400 L. AF_07/2016","m³",1.83,318.33099999999996,582.54]
["7.4.2","CONCRETO FCK = 30MPA, TRAÇO 1:2,1:2,5 (CIMENTO/ AREIA MÉDIA/ BRITA 1) - PREPARO MECÂNICO COM BETONEIRA 400 L. AF_07/2016","m³",1.9,359.84139999999996,683.69]
["7.4.3","LANCAMENTO/APLICACAO MANUAL DE CONCRETO EM FUNDACOES","m³",3.73,102.47879999999999,382.24]
["7.4.4","ARMAÇÃO DE FUNDAÇÕES E ESTRUTURAS DE CONCRETO ARMADO, EXCETO VIGAS, PILARES E LAJES (DE EDIFÍCIOS DE MÚLTIPLOS PAVIMENTOS, EDIFICAÇÃO TÉRREAOU SOBRADO), UTILIZANDO AÇO CA-50 DE 10.0 MM - MONTAGEM. AF_12/2015","kg",546.28,8.9017999999999997,4862.87]
["7.4.5","MONTAGEM E DESMONTAGEM DE FÔRMA DE LAJE MACIÇA COM ÁREA MÉDIA MENOR OUIGUAL A 20 M², PÉ-DIREITO SIMPLES, EM CHAPA DE MADEIRA COMPENSADA RES\nINADA, 4 UTILIZAÇÕES. AF_12/2015","m²",31.31,27.927399999999999,874.4]
["7.5","CAIXAS, TAMPAS E POCOS DE VISITA",null,null,null,0]
["7.5.1","CAIXA DE PASSAGEM/RECEPCAO EM ALVEN. DE TIJOLO MACICO, TAMPA EM CONCRETO ARMADO, SECAO INTERNA 1,00 X 1,00m, h<=1,30 m","un",1,1432.1369999999999,1432.13]
["7.7","ASSENT. MONTAGEM E REMOÇAO DE TUBULACOES, PEÇAS, CONEXOES, VALVULAS E APARELHOS",null,null,null,0]
["7.7.1","ASSENTAMENTO DE TUBO DE PVC PARA REDE COLETORA DE ESGOTO DE PAREDE MACIÇA, DN 150 MM, JUNTA ELÁSTICA, INSTALADO EM LOCAL COM NÍVEL BAIXO DE INTERFERÊNCIAS (NÃO INCLUI FORNECIMENTO). AF_06/2015","m",12,3.6566000000000001,43.87]
["7.7.2","ASSENTAMENTO DE TUBO DE PVC PARA REDE COLETORA DE ESGOTO DE PAREDE MACIÇA, DN 200 MM, JUNTA ELÁSTICA, INSTALADO EM LOCAL COM NÍVEL BAIXO DE INTERFERÊNCIAS (NÃO INCLUI FORNECIMENTO). AF_06/2015","m",13,4.3334000000000001,56.33]
["7.8","TRANSPORTE DE TUBOS, PEÇAS E CONEXOES",null,null,null,0]
["7.8.1","CARGA E DESCARGA DE TUBOS PVC RIG. / RPVC, DN ATE 350 mm","m",25,2.3311999999999999,58.28]
["7.9","EDIFICAÇOES",null,null,null,0]
["7.9.1","ALVENARIA EM TIJOLO CERAMICO MACICO 5X10X20CM 1 VEZ (ESPESSURA 20CM),ASSENTADO COM ARGAMASSA TRACO 1:2:8 (CIMENTO, CAL E AREIA)","m²",35.89,117.3026,4209.99]
["7.9.2","REVESTIMENTO C/ ARGAMASSA  DE CIMENTO E AREIA GROSSA P/ REVESTIMENTO DE CAIXAS","m²",171.84,40.025199999999998,6877.93]
["7.9.3","MASSA ÚNICA, PARA RECEBIMENTO DE PINTURA, EM ARGAMASSA TRAÇO 1:2:8, PREPARO MECÂNICO COM BETONEIRA 400L, APLICADA MANUALMENTE EM FACES INTER\nNAS DE PAREDES, ESPESSURA DE 20MM, COM EXECUÇÃO DE TALISCAS. AF_06/2014","m²",92.14,33.407599999999995,3078.17]
["7.10","ESTAÇAO DE TRATAMENTO - AGUA E ESGOTO",null,null,null,0]
["7.10.1","MONT. E INSTAL. DE COMPORTA DE SUPERFICIE C/ ACION. DIRETO NA GAVETA, C/AREA DO CANAL ATE 0,40m2","un",2,157.215,314.43]
["7.10.2","CAMADA DE TIJOLO COM JUNTA DE 2.0cm PARA LEITO DE SECAGEM","m²",112.5,42.619599999999998,4794.7]
["8.0","LAGOAS FACULTATIVAS",null,null,"Subtotal",{"$f":"SUM(F284:F340)","v":780299.62999999989}]
["8.1","SERVICOS PRELIMINARES"]
["8.1.1","DESMATAMENTO E LIMPEZA MECANIZADA DE TERRENO COM ARVORES ATE Ø 15CM, UTILIZANDO TRATOR DE ESTEIRAS","m²",38321.870000000003,0.47,{"$f":"TRUNC(D285*E285,2)","v":18011.27}]
["8.2","MOVIMENTO DE TERRA E ROCHA",null,null,null,0]
["8.2.1","ESCAVAÇÃO MANUAL DE VALAS. AF_03/2016","m³",139.91,60.996599999999994,8534.0300000000007]
["8.2.2","REATERRO MECANIZADO DE VALA COM RETROESCAVADEIRA (CAPACIDADE DA CAÇAMB A DA RETRO: 0,26 M³ / POTÊNCIA: 88 HP), LARGURA ATÉ 0,8 M, PROFUNDIDADE ATÉ 1,5 M, COM SOLO (SEM SUBSTITUIÇÃO) DE 1ª CATEGORIA EM LOCAIS COM BAIXO NÍVEL DE INTERFERÊNCIA. AF_04/2016","m³",114.28,19.279399999999999,2203.2399999999998]
["8.2.3","ESCAVACAO E TRANSPORTE DE MATERIAL DE 1A CAT DMT 50M COM TRATOR SOBREESTEIRAS 347 HP COM LAMINA E ESCARIFICADOR","m³",104.4,2.1337999999999999,222.76]
["8.2.4","ESCAVACAO E TRANSPORTE DE MATERIAL DE 2A CAT DMT 50M COM TRATOR SOBREESTEIRAS 347 HP COM LAMINA E ESCARIFICADOR","m³",98.1,4.1453999999999995,406.66]
["8.2.5","Desmonte de rocha dura incluindo perfuração, argamassa expansiva e retirada de material","m³",642.77,389.14119999999997,250128.28]
["8.2.6","COMPACTACAO DE ATERRO P/ DIQUES LATERAIS DE LAGOAS, INCL. DESTORROAMENTO, UMIDEC., HOMOGENEIZ. E COMPAC. MECANIZ. C/ ROLO","m³",1891.24,5.4989999999999997,10399.92]
["8.2.7","COMPACTACAO DE ATERRO P/ FUNDO DE LAGOAS, INCL. DESTORROAMENTO, UMIDEC., HOMOGENEIZ. E COMPAC. MECANIZ. C/ ROLO","m³",1879.88,5.4989999999999997,10337.459999999999]
["8.2.8","ESCAVACAO MECANICA PARA ACERTO DE TALUDES, EM MATERIAL DE 1A CATEGORIA, COM ESCAVADEIRA HIDRAULICA","m²",2384.83,4.9256000000000002,11746.71]
["8.2.9","EXPLORAÇÃO DE JAZIDA DE SOLO","m³",3374.95,17.211399999999998,58087.61]
["8.3","TRANSPORTE DE SOLO, ROCHA E AGREGADOS",null,null,null,0]
["8.3.1","CARGA E DESCARGA MECANIZADAS DE ENTULHO EM CAMINHAO BASCULANTE 6 M3 (Rocha)","m³",642.77,4.1641999999999992,2676.62]
["8.3.2","CARGA E DESCARGA MECANICA DE SOLO UTILIZANDO CAMINHAO BASCULANTE 6,0M3/16T E PA CARREGADEIRA SOBRE PNEUS 128 HP, CAPACIDADE DA CAÇAMBA 1,7 A 2,8 M3, PESO OPERACIONAL 11632 KG","m³",721.72,1.8235999999999999,1316.12]
["8.3.3","ESPALHAMENTO DE MATERIAL EM BOTA FORA, COM UTILIZACAO DE TRATOR DE ESTEIRAS DE 165 HP","m³",642.77,1.0997999999999999,706.91]
["8.3.4","ESPALHAMENTO DE MATERIAL DE 1A CATEGORIA COM TRATOR DE ESTEIRA COM 153HP","m³",721.72,2.1901999999999999,1580.71]
["8.3.5","TRANSPORTE COM CAMINHÃO BASCULANTE DE 10 M3, EM VIA URBANA EM LEITO NATURAL (UNIDADE: M3XKM). AF_04/2016 (Rocha)","m³xkm",1928.31,1.5227999999999999,2936.43]
["8.3.6","TRANSPORTE COM CAMINHÃO BASCULANTE DE 10 M3, EM VIA URBANA EM LEITO NATURAL (UNIDADE: M3XKM). AF_04/2016 (Solo)","m³xkm",2165.16,1.5227999999999999,3297.1]
["8.4","ESTRUTURAS E FUNDACOES",null,null,null,0]
["8.4.1","CONCRETO FCK = 15MPA, TRAÇO 1:3,4:3,5 (CIMENTO/ AREIA MÉDIA/ BRITA 1)- PREPARO MECÂNICO COM BETONEIRA 400 L. AF_07/2016","m³",1.81,318.33099999999996,576.16999999999996]
["8.4.2","CONCRETO FCK = 25MPA, TRAÇO 1:2,3:2,7 (CIMENTO/ AREIA MÉDIA/ BRITA 1) - PREPARO MECÂNICO COM BETONEIRA 400 L. AF_07/2016","m³",3.11,348.77760000000001,1084.69]
["8.4.3","LANCAMENTO/APLICACAO MANUAL DE CONCRETO EM FUNDACOES","m³",4.92,102.47879999999999,504.19]
["8.4.4","PROTECAO DE TALUDE COM PLACAS DE CONCRETO E=5cm","m²",3389.77,27.447999999999997,93042.4]
["8.4.5","ARMAÇÃO DE FUNDAÇÕES E ESTRUTURAS DE CONCRETO ARMADO, EXCETO VIGAS, PILARES E LAJES (DE EDIFÍCIOS DE MÚLTIPLOS PAVIMENTOS, EDIFICAÇÃO TÉRREAOU SOBRADO), UTILIZANDO AÇO CA-50 DE 10.0 MM - MONTAGEM. AF_12/2015","kg",248.8,8.9017999999999997,2214.7600000000002]
["8.4.6","MONTAGEM E DESMONTAGEM DE FÔRMA DE LAJE MACIÇA COM ÁREA MÉDIA MENOR OUIGUAL A 20 M², PÉ-DIREITO SIMPLES, EM CHAPA DE MADEIRA COMPENSADA RES\nINADA, 4 UTILIZAÇÕES. AF_12/2015","m²",15.61,27.927399999999999,435.94]
["8.5","CAIXAS, TAMPAS E POCOS DE VISITA",null,null,null,0]
["8.5.1","PV EM ANEL DE CONCRETO PRE-MOLDADO DN=0,80m, C/ LAJE DE RED., EM PROFUND. ATE 1,80m, C/ FORNEC.DO MAT., S/ FORNEC. E ASSENT. DE TAMPAO","un",1,1397.0185999999999,1397.01]
["8.5.2","CAIXA DE PASSAGEM/RECEPCAO EM ALVEN. DE TIJOLO MACICO, TAMPA EM CONCRETO ARMADO, SECAO INTERNA 1,00 X 1,00m, h<=1,30 m","un",6,1432.1369999999999,8592.82]
["8.6","DRENAGEM, CONTENCOES E REFORCO DE SOLO",null,null,null,0]
["8.6.1","CALHA EM CONCRETO SIMPLES, EM MEIA CANA DE CONCRETO, DIAMETRO 400 MM","m",795.12,46.633399999999995,37079.14]
["8.6.2","ENROCAMENTO C/ PEDRA DE MAO, C/ ARRUMACAO MANUAL, INCL. FORNEC. DO MATERIAL","m³",2,392.51579999999996,785.03]
["8.7","ASSENT. MONTAGEM E REMOÇAO DE TUBULACOES, PEÇAS, CONEXOES, VALVULAS E APARELHOS",null,null,null,0]
["8.7.1","ASSENTAMENTO DE TUBO DE PVC PARA REDE COLETORA DE ESGOTO DE PAREDE MACIÇA, DN 200 MM, JUNTA ELÁSTICA, INSTALADO EM LOCAL COM NÍVEL BAIXO DE INTERFERÊNCIAS (NÃO INCLUI FORNECIMENTO). AF_06/2015","m",128,4.3334000000000001,554.66999999999996]
["8.8","TRANSPORTE DE TUBOS, PEÇAS E CONEXOES",null,null,null,0]
["8.8.1","CARGA E DESCARGA DE TUBOS PVC RIG. / RPVC, DN ATE 350 mm","m",148,2.3311999999999999,345.01]
["8.9","EDIFICAÇOES",null,null,null,0]
["8.9.1","ALVENARIA EM TIJOLO CERAMICO MACICO 5X10X20CM 1/2 VEZ (ESPESSURA 10CM), ASSENTADO COM ARGAMASSA TRACO 1:2:8 (CIMENTO, CAL E AREIA)","m²",38.74,59.163599999999995,2291.9899999999998]
["8.9.2","CHAPISCO APLICADO EM ALVENARIAS E ESTRUTURAS DE CONCRETO INTERNAS, COM COLHER DE PEDREIRO. ARGAMASSA TRAÇO 1:3 COM PREPARO MANUAL. AF_06/2014","m²",43.64,3.3181999999999996,144.80000000000001]
["8.9.3","MASSA ÚNICA, PARA RECEBIMENTO DE PINTURA, EM ARGAMASSA TRAÇO 1:2:8, PREPARO MECÂNICO COM BETONEIRA 400L, APLICADA MANUALMENTE EM FACES INTER\nNAS DE PAREDES, ESPESSURA DE 20MM, COM EXECUÇÃO DE TALISCAS. AF_06/201\n4","m²",43.64,33.407599999999995,1457.9]
["8.10","URBANIZAÇÃO",null,null,null,0]
["8.10.1","ASSENTAMENTO DE GUIA (MEIO-FIO) EM TRECHO RETO, CONFECCIONADA EM CONCRETO PRÉ-FABRICADO, DIMENSÕES 100X15X13X30 CM (COMPRIMENTO X BASE INFER\nIOR X BASE SUPERIOR X ALTURA), PARA VIAS URBANAS (USO VIÁRIO). AF_06/2016","m",730.15,32.260799999999996,23555.22]
["8.10.2","Lastro de brita 1","m²",77.61,125.396,9731.98]
["8.10.3","CERCA C/ 12 FIOS DE ARAME FARPADO 16 BWG 4\"x 4\", C/ ESTACAS DE CONCRETO PRE-MOLDADAS C/ PONTA INCLINADA E DIMENSOES DE 0,10 x 0,10 x 3,00m","m",70,59.248199999999997,4147.37]
["8.10.4","PINTURA ESMALTE BRILHANTE (2 DEMAOS) SOBRE SUPERFICIE METALICA, INCLUSIVE PROTECAO COM ZARCAO (1 DEMAO) (PORTÂO/ETE)","m²",10,34.770600000000002,347.7]
["8.10.5","PLANTIO DE GRAMA BATATAIS EM PLACAS","m²",2513.46,10.969799999999999,27572.15]
["8.10.6","PLANTIO DE ARVORE REGIONAL, ALTURA MAIOR QUE 2,00M, EM CAVAS DE 80X80X80CM","un",178,152.64659999999998,27171.09]
["8.11","ESTAÇAO DE TRATAMENTO - AGUA E ESGOTO",null,null,null,0]
["8.11.1","INSTALAÇÃO DE MEDIDOR PARSHALL DE FIBRA DE VIDRO (SEM FORNEC. DO MEDIDOR)","un",1,194.57999999999998,194.58]
["8.11.2","MONT. E INSTAL. DE COMPORTA DE SUPERFICIE C/ ACION. DIRETO NA GAVETA, C/AREA DO CANAL ATE 0,40m2","un",4,157.215,628.86]
["8.12","SERVIÇOS TOPOGRÁFICOS",null,null,null,0]
["8.12.1","Levantamento topográfico planimétrico cadastral","m²",38300,0.32899999999999996,12600.7]
["8.12.2","TAMPA CONCRETO PREMOLDADO FCK=15,0 MPA E=7 CM","m²",10.18,70.293199999999999,715.58]
["8.13","COMPLEMENTO",null,null,null,0]
["8.13.1","ASSENT. DE TUBOS EM PEAD, DN ATE 300mm","m",20,58.308199999999999,1166.1600000000001]
["8.13.2","MURO PRE-MOLDADO DE PLACAS DE CONCRETO ARMADO, e=5cm C/COLUNAS DE CONCRETO ARMADO C/DIMENSOES DE 0,13 X 0,13 X 3,00m   (489,60m)","m²",1041.8900000000001,125.05759999999998,130296.26]
["8.13.3","BASE DE SOLO CIMENTO (4% MISTURA EM PISTA)","m³",202.79,44.744,9073.6299999999992]
["9.0","INSTALAÇÃO ELÉTRICA",null,null,"Subtotal",{"$f":"SUM(F342:F369)","v":138758.09999999995}]
["9.1","DETALHAMENTO DO PROJETO ELÉTRICO"]
["9.1.1","Detalhamento de Projeto Executivo das Instalações Elétricas do SES Canapi e Aprovação da Concessionária de Energia Elétrica","un",1,14522.8308,{"$f":"TRUNC(D343*E343,2)","v":14522.83}]
["9.2","Fornecimentos e Instalações Elétricas - EEE - 1",null,null,null,0]
["9.2.1","Extensão de Rede de Distribuição Primária - 13,8 kV - EEE 1","km",1,14692.322199999999,14692.32]
["9.2.2","Entrada de Serviço com Subestação Aérea 15 kVA  e Ramal de Distribuição subterrâneo","un",1,3900.3514,3900.35]
["9.2.3","Aterramento  e Eqüipotencialização das Instalações Elétricas","un",1,4139.5625999999993,4139.5600000000004]
["9.2.4","Grupo Gerador 20/18kVA e Quadro de Transferência Automático","un",1,4952.9539999999997,4952.95]
["9.2.5","Quadro Geral de Distribuição e Centro de Controle de Motores - 380 V QS/CCM (Motores: 2 x 5 cv)","un",1,5728.9897999999994,5728.98]
["9.2.6","Sensor de Nível ","un",1,2545.6327999999999,2545.63]
["9.2.7","Serviços  Auxiliares Casa do Gerador e Casa de Bombas  -  Iluminação e Tomadas","un",1,7310.0509999999995,7310.05]
["9.2.8","Iluminação da Área Externa","un",1,6132.1088,6132.1]
["9.2.9","Interligação da rede elétrica/subestação à rede da concessionária (Linha Viva) da EEE-1","un",1,2239.6815999999999,2239.6799999999998]
["9.3","Fornecimentos e Instalações Elétricas - EEE - 2",null,null,0,0]
["9.3.1","Extensão de Rede de Distribuição Primária - 13,8 kV - EEE 2","km",1,14315.551399999998,14315.55]
["9.3.2","Entrada de Serviço com Subestação Aérea 30 kVA  e Ramal de Distribuição subterrâneo","un",1,4077.9361999999992,4077.93]
["9.3.3","Aterramento  e Eqüipotencialização das Instalações Elétricas","un",1,4139.5625999999993,4139.5600000000004]
["9.3.4","Grupo Gerador 53/48kVA e Quadro de Transferência Automático","un",1,6178.9771999999994,6178.97]
["9.3.5","Quadro Geral de Distribuição e Centro de Controle de Motores - 380 V QS/CCM (Motores: 2 x 15 cv)","un",1,5730.8792000000003,5730.87]
["9.3.6","Sensor de Nível ","un",1,2545.6327999999999,2545.63]
["9.3.7","Serviços  Auxiliares Casa do Gerador e Casa de Bombas  -  Iluminação e Tomadas","un",1,7302.625,7302.62]
["9.3.8","Iluminação da Área Externa","un",1,6583.0079999999998,6583]
["9.3.9","Interligação da rede elétrica/subestação à rede da concessionária (Linha Viva) da EEE-2","un",1,2239.6815999999999,2239.6799999999998]
["9.4","Fornecimentos e Instalações Elétricas - ETE",null,null,0,0]
["9.4.1","Extensão de Rede de Distribuição Secundária - 380/220 V - ETE","um",1,3775.8577999999998,3775.85]
["9.4.2","Entrada de Serviço com Ramal de Distribuição Subterrâneo","un",1,2275.3451999999997,2275.34]
["9.4.3","Quadro de Distribuição Geral e Inslatação de baixa Tensão ","un",1,3405.8079999999995,3405.8]
["9.4.4","Iluminação da Área Externa - ETE","un",1,6084.3003999999992,6084.3]
["9.5","Apresentção do Projeto Elétrico  'as built' e dos Prontuário das Instalações Elétricas do  SES Canapi","un",1,3938.5529999999994,3938.55]
[{"$nulls":4},"TOTAL GERAL DOS SERVIÇOS (R$):",{"$f":"SUMIF(E6:E369,\"Subtotal\",F6:F369)","v":5566964.6399999987}]
[]
[]
[]
[]
[null,null,{"$f":"basica!C81","v":"GIL DO NASCIMENTO SANTOS"}]
[null,null,{"$f":"basica!C82","v":"RN-26130304432"}]
[]
[]
[{"$nulls":5},"VALOR RDC",5922302.7700000005]
[{"$nulls":5},"VALOR DESCONTO",{"$f":"G379-F370","v":355338.13000000175}]
[]
[]
[{"$nulls":5},"PERCENTUAL DE DESCONTO",{"$f":"G380/G379","v":5.9999993887513071E-2}]

{"sheet":"Plan. Detalhada Materiais","index":3,"n_rows":223,"n_cols":7,"rows_kept":223,"cut":false,"hidden":false,"merged":[[212,2,212,5],[213,2,213,5],[0,0,0,2],[1,0,1,2],[2,0,2,2],[3,0,3,3],[4,0,4,3]]}
["Ministério da Integração Nacional",null,null,null,{"$f":"'Plan. Detalhada Serviços'!E1","v":"EDITAL Nº"},{"$f":"'Plan. Detalhada Serviços'!F1","v":"22/2017"}]
["Companhia de Desenvolvimento dos Vales do São Francisco e do Parnaíba",null,null,null,{"$f":"'Plan. Detalhada Serviços'!E2","v":"DATA"},{"$f":"'Plan. Detalhada Serviços'!F2","v":"2017-10-08"}]
["Área de Revitalização das Bacias Hidrográficas"]
["SISTEMA DE ESGOTAMENTO SANITÁRIO DO MUNICÍPIO DE CANAPI / AL",null,null,null,"BDI (Serv.):",0.25900000000000001]
["PLANILHA QUANTITATIVO E ORÇAMENTO DE PROJETO (Data Base: MAR/2017)",null,null,null,"BDI (Mat.):",0.1535]
["ITEM","DESCRIÇÃO","UNID.","QUANT.","P. UNITÁRIO","P. TOTAL"]
["II","MATERIAIS"]
["1.0","REDE COLETORA CONVENCIONAL / LINHA DE RECALQUE / EMISSÁRIO FINAL",null,null,"Subtotal",{"$f":"SUM(F10:F23)","v":230703.83}]
["1.1","TUBOS PECAS E CONEXÕES DE FERRO FUNDIDO DUCTIL"]
["1.1.1","Tubo de FoFo Ductil K7, Ponta e Bolsa c/ Junta Elástica (JGS), incluindo anéis de borracha (TK7 JGS PB FoFo) - DN 100  (15,200 Kg)","m",470.44,176.6918,{"$f":"ROUND(D10*E10,2)","v":83122.89}]
["1.1.2","Tubo de FoFo Ductil K7, Ponta e Bolsa c/ Junta Elástica (JGS), incluindo anéis de borracha (TK7 JGS PB FoFo) - DN 150  (23,200 Kg)","m",68.599999999999994,225.83499999999998,{"$f":"ROUND(D11*E11,2)","v":15492.28}]
["1.1.3","TAMPAO FOFO ARTICULADO, CLASSE D400 CARGA MAX 40 T, REDONDO TAMPA *600 MM, REDE PLUVIAL/ESGOTO","m",71,446.06759999999997,31670.799999999999]
["1.2","CONEXÕES DE FoFo DUCTIL C/ PONTA E BOLSA C/ JUNTA ELASTICA (JGS), INCLUINDO ANEIS DE BORRACHA",null,null,null,0]
["1.2.1","CURVA 90o C/ BOLSAS JGS FoFo (C90 JGS FoFo) - DN 100  (14,00 Kg)","un",2,141.13159999999999,282.26]
["1.2.2","CURVA 45o C/ BOLSAS JGS FoFo (C45 JGS FoFo) - DN 200 27,300 kg","un",2,291.16499999999996,582.33000000000004]
["1.2.3","CURVA 22o30' C/ BOLSAS JGS FoFo (C22 JGS FoFo) - DN 200   (29,200 kg)","un",1,277.28120000000001,277.27999999999997]
["1.2.4","CURVA 11o15' C/ BOLSAS JGS FoFo (C11 JGS FoFo) - DN 200   (27,600 kg)","un",7,279.57479999999998,1957.02]
["1.3","TUBOS, PECAS E CONEXOES DE PVC",null,null,null,0]
["1.3.1","TUBOS DE  PVC  RIGIDO P/ ESGOTO (NBR 7362) PONTA E BOLSA C/ JUNTA ELASTICA (JE) (T ES PVC PB JE P/ ESG.) - DN 150","m",2331.77,35.315799999999996,82348.320000000007]
["1.3.2","TUBOS DE  PVC  RIGIDO P/ ESGOTO (NBR 7362) PONTA E BOLSA C/ JUNTA ELASTICA (JE) (T ES PVC PB JE P/ ESG.) - DN 200","m",220,55.140399999999993,12130.89]
["1.4","CONEXOES DE PVC P/ ESGOTO C/ JUNTA ELASTICA (JE) E ACESSORIOS",null,null,null,0]
["1.4.1","ANEL DE BORRACHA P/ ESGOTO PVC JE (ANB P/ ES PVC JE) - DN  150","un",389,6.5517999999999992,2548.65]
["1.4.2","ANEL DE BORRACHA P/ ESGOTO PVC JE (ANB P/ ES PVC JE) - DN  200","un",37,7.867799999999999,291.11]
["2.0","REDE COLETORA CONDOMINIAL",null,null,"Subtotal",{"$f":"SUM(F25:F26)","v":27180.46}]
["2.1","TUBOS DE  PVC  RIGIDO P/ ESGOTO (NBR 7362) PONTA E BOLSA C/ JUNTA ELASTICA (JE) (T ES PVC PB JE P/ ESG.) - DN 150","m",746.45,35.315799999999996,26361.48]
["2.2","ANEL DE BORRACHA P/ ESGOTO PVC JE (ANB P/ ES PVC JE) - DN  150","un",125,6.5517999999999992,818.98]
["3.0","RAMAIS PREDIAIS",null,null,"Subtotal",{"$f":"SUM(F28:F32)","v":35056.22}]
["3.1","TUBOS DE  PVC  RIGIDO P/ ESGOTO (NBR 7362) PONTA E BOLSA C/ JUNTA ELASTICA (JE) (T ES PVC PB JE P/ ESG.) -  DN 100","m",1133.75,16.412399999999998,18607.560000000001]
["3.2","CURVA PVC, PB, JE, 45 GRAUS, DN 100 MM, PARA REDE COLETORA ESGOTO (NBR 10569)","un",664,17.512199999999996,11628.1]
["3.3","SELIM 90o ELASTICO ES PVC JE  (S90o ELASTICO ES PVC JE)  - DN 200 X 100 (NBR 10569)","un",28,7.529399999999999,210.82]
["3.4","SELIM 90o ELASTICO ES PVC JE  (S90o ELASTICO ES PVC JE)  - DN 150 X 100","un",775,3.1959999999999997,2476.9]
["3.5","ANEL DE BORRACHA P/ ESGOTO PVC JE (ANB P/ ES PVC JE) -  DN  100","un",853,2.5004,2132.84]
["4.0","ESTAÇÕES ELEVATÓRIAS (EEE-1/EEE-2)",null,null,"Subtotal",{"$f":"SUM(F35:F115)","v":179722.06999999998}]
["4.1","TUBOS, PECAS E CONEXOES DE FERRO FUNDIDO DUCTIL"]
["4.1.1","TUBOS DE FoFo DUCTIL C/ 02 FLANGES (TFL 10 FoFo)  -  DN   80 X 0,60  (21,900 kg)","un",2,554.27099999999996,{"$f":"ROUND(D35*E35,2)","v":1108.54}]
["4.1.2","TUBOS DE FoFo DUCTIL C/ 02 FLANGES (TFL 10 FoFo)  -  DN   80 X 1,00   (21,900 kg)","un",1,554.27099999999996,554.27]
["4.1.3","TUBOS DE FoFo DUCTIL C/ 02 FLANGES (TFL 10 FoFo)  -  DN   80 X 1,70  (35,800 kg)","un",2,737.43,1474.86]
["4.1.4","TUBOS DE FoFo DUCTIL C/ 02 FLANGES (TFL 10 FoFo)  -  DN   80 X 3,50   (56,650 kg)","un",1,998.31759999999986,998.32]
["4.1.5","TUBOS DE FoFo DUCTIL C/ 02 FLANGES (TFL 10 FoFo)  -  DN   80 X 4,30  (70,550 kg)","un",2,1137.4563999999998,2274.91]
["4.1.6","TUBOS DE FoFo DUCTIL C/ 02 FLANGES (TFL 10 FoFo)  -  DN  100 X 4,30    (86,400 kg)","un",2,1263.971,2527.94]
["4.1.7","TUBOS DE FoFo DUCTIL C/ 02 FLANGES (TFL 10 FoFo)  -  DN  150 X 0,80   (42,000 kg)","un",2,784.43939999999998,1568.88]
["4.1.8","TUBOS DE FoFo DUCTIL C/ 02 FLANGES (TFL 10 FoFo)  -  DN  150 X 1,10   (55,000 kg)","un",1,784.43939999999998,784.44]
["4.1.9","TUBOS DE FoFo DUCTIL C/ 02 FLANGES (TFL 10 FoFo)  -  DN  150 X 2,00   (68,000 kg)","un",2,1044.6501999999998,2089.3000000000002]
["4.1.10","TUBOS DE FoFo DUCTIL C/ 02 FLANGES (TFL 10 FoFo)  -  DN  150 X 4,00   (120,000 kg)","un",2,1538.2911999999999,3076.58]
["4.1.11","TUBOS DE FoFo DUCTIL C/ 02 FLANGES (TFL 10 FoFo)  -  DN  150 X 4,30  (133,000 kg)","un",2,1612.3349999999998,3224.67]
["4.2","TUBOS DE FoFo DUCTIL C/  01 FLANGE E 01 PONTA LISA (TFP PN10 FoFo )",null,null,null,0]
["4.2.1","TUBOS DE FoFo DUCTIL C/  01 FLANGE E 01 PONTA LISA PN10 (TFP10 FoFo) - DN   80 X 0,25  (10,950 kg)","un",4,413.44019999999995,1653.76]
["4.2.2","TUBOS DE FoFo DUCTIL C/  01 FLANGE E 01 PONTA LISA PN10 (TFP10 FoFo) - DN   80 X 3,00   (45,700 kg)","un",1,998.86279999999988,998.86]
["4.2.3","TUBOS DE FoFo DUCTIL C/  01 FLANGE E 01 PONTA LISA PN10 (TFP10 FoFo) - DN   80 X 2,00   (31,800 kg)","un",1,706.86119999999994,706.86]
["4.2.4","TUBOS DE FoFo DUCTIL C/  01 FLANGE E 01 PONTA LISA PN10 (TFP10 FoFo) - DN  150 X 0,50   (21,000 kg)","un",1,341.85919999999999,341.86]
["4.2.5","TUBOS DE FoFo DUCTIL C/  01 FLANGE E 01 PONTA LISA PN10 (TFP10 FoFo) - DN  150 X 3,00   (86,000 kg)","un",1,1169.7924,1169.79]
["4.2.6","TUBOS DE FoFo DUCTIL C/  01 FLANGE E 01 PONTA LISA PN10 (TFP10 FoFo) - DN  100 X 2,30   (47,500 kg)","un",1,863.54979999999989,863.55]
["4.2.7","TUBOS DE FoFo DUCTIL C/  01 FLANGE E 01 PONTA LISA PN10 (TFP10 FoFo) - DN  150 X 0,25   (21,000 kg)","un",4,259.95699999999999,1039.83]
["4.2.8","TUBOS DE FoFo DUCTIL C/  01 FLANGE E 01 PONTA LISA PN10 (TFP10 FoFo) - DN  150 X 2,50   (73,000 kg)","un",1,1004.2113999999999,1004.21]
["4.2.9","TUBOS DE FoFo DUCTIL C/  01 FLANGE E 01 PONTA LISA PN10 (TFP10 FoFo) - DN  200 X 0.50   (27,400 kg)","un",1,432.67259999999999,432.67]
["4.2.10","TUBOS DE FoFo DUCTIL C/  01 FLANGE E 01 PONTA LISA PN10 (TFP10 FoFo) - DN  200 X 3,00   (114,400 kg)","un",2,1394.1422,2788.28]
["4.3","CONEXÕES DE FoFo DUCTIL C/ PONTA E BOLSA C/ JUNTA ELASTICA (JGS), INCLUINDO ANEIS DE BORRACHA",null,null,null,0]
["4.3.1","CURVA 90o C/ BOLSAS JGS FoFo (C90 JGS FoFo) - DN 100  (14,00 Kg)","un",1,141.13159999999999,141.13]
["4.3.2","CURVA 45o C/ BOLSAS JGS FoFo (C45 JGS FoFo)  -  DN 150 20,700 kg","un",1,291.16499999999996,291.17]
["4.3.3","REDUCAO PONTA E BOLSA JGS  (R PB JGS FoFo)  -  DN 100 X 80   (8,100 kg)","un",1,117.15219999999999,117.15]
["4.3.4","REDUCAO PONTA E BOLSA JGS  (R PB JGS FoFo)  -  DN 200 X 150   (20,000 kg)","un",1,248.5454,248.55]
["4.4","CONEXÕES DE FoFo DUCTIL C/ FLANGES PN10 E ACESSORIOS",null,null,null,0]
["4.4.1","CURVA 90o FoFo C/ FLANGES PN 10  (C90FF10 FoFo)  -  DN 80  (9,500 kg)","un",8,130.06780000000001,1040.54]
["4.4.2","CURVA 90o FoFo C/ FLANGES PN 10  (C90FF10 FoFo)  -  DN 100   (11,000 kg)","un",1,169.70759999999999,169.71]
["4.4.3","CURVA 90o FoFo C/ FLANGES PN 10  (C90FF10 FoFo)  -  DN 150   (18,000 kg)","un",8,276.33179999999999,2210.65]
["4.4.4","CURVA 90o FoFo C/ FLANGES PN 10  (C90FF10 FoFo)  -  DN 200   (28,000 kg)","un",1,395.45799999999997,395.46]
["4.4.5","CURVA 45o FoFo C/ FLANGES PN 10  (C45FF10 FoFo)  -  DN 80   (9,500 kg)","un",2,131.976,263.95]
["4.4.6","CURVA 45o FoFo C/ FLANGES PN 10  (C45FF10 FoFo)  -  DN 100   (10,500 kg)","un",1,190.00219999999999,190]
["4.4.7","CURVA 45o FoFo C/ FLANGES PN 10  (C45FF10 FoFo)  -  DN 150   (17,000 kg)","un",1,267.88119999999998,267.88]
["4.4.8","TE FoFo C/ FLANGES PN 10  (TFF10 FoFo)  -  DN 80 X 80  (15,300 kg)","un",2,210.06179999999998,420.12]
["4.4.9","TE FoFo C/ FLANGES PN 10  (TFF10 FoFo)  -  DN 150 X 100  (28,500 kg)","un",1,340.14839999999998,340.15]
["4.4.10","TE FoFo C/ FLANGES PN 10  (TFF10 FoFo)  -  DN 150 X 150   (32,000 kg)","un",1,372.42799999999994,372.43]
["4.4.11","PARAFUSOS P/ JUNTAS C/ FLANGES FoFo PN 10  (PPF10)  -  DN 80 (16 X 80 mm) 0,175 kg","un",272,7.9993999999999996,2175.84]
["4.4.12","PARAFUSOS P/ JUNTAS C/ FLANGES FoFo PN 10  (PPF10)  -  DN 100 (16 X 80 mm) 0,175 kg","un",56,7.9993999999999996,447.97]
["4.4.13","PARAFUSOS P/ JUNTAS C/ FLANGES FoFo PN 10  (PPF10)  -  DN 150 (20 X 90 mm) 0,338 kg","un",184,12.614799999999999,2321.12]
["4.4.14","PARAFUSOS P/ JUNTAS C/ FLANGES FoFo PN 10  (PPF10)  -  DN 200 (20 X 90 mm) 0,338 kg","un",16,12.614799999999999,201.84]
["4.4.15","ARRUELAS P/ JUNTAS C/ FLANGES FoFo PN 10  (ABF10)  -  DN   80 0,030 kg","un",34,9.7195999999999998,330.47]
["4.4.16","ARRUELAS P/ JUNTAS C/ FLANGES FoFo PN 10  (ABF10)  -  DN  100 0,040 kg","un",7,15.839,110.87]
["4.4.17","ARRUELAS P/ JUNTAS C/ FLANGES FoFo PN 10  (ABF10)  -  DN  150 0,060 kg","un",23,23.208600000000001,533.79999999999995]
["4.4.18","ARRUELAS P/ JUNTAS C/ FLANGES FoFo PN 10  (ABF10)  -  DN  200 0,090 kg","un",2,28.810999999999996,57.62]
["4.4.19","REDUCAO CONCENTRICA FoFo C/ FLANGES PN 10  (RFF10 FoFo)  -  DN 150 X 80  (18,850 kg)","un",2,259.62799999999999,519.26]
["4.4.20","REDUCAO CONCENTRICA FoFo C/ FLANGES PN 10  (RFF10 FoFo)  -  DN 200 X 150  (22,000 kg)","un",2,268.78359999999998,537.57000000000005]
["4.4.21","REDUCAO CONCENTRICA FoFo C/ FLANGES PN 10  (RFF10 FoFo)  -  DN 150 X 100  (15,500 kg)","un",2,219.97880000000001,439.96]
["4.5","JUNTAS P/ MONTAGEM E MANUTENCAO EM FoFo DUCTIL E ACESSORIOS",null,null,null,0]
["4.5.1","JUNTA GIBAULT E TIRANTES (JGI)  -  DN 80    (7,000 kg)","un",2,157.2338,314.47000000000003]
["4.5.2","JUNTA GIBAULT E TIRANTES (JGI)  -  DN 150  (14,200 kg)","un",2,272.33679999999998,544.66999999999996]
["4.6","REGISTROS DE GAVETA EM FoFo DUCTIL",null,null,null,0]
["4.6.1","REGISTRO DE GAVETA CHATO FoFo C/ FLANGES PN 10  (RCFC10 FoFo)  -  DN 75   (26,000 kg)","un",3,374.53359999999998,1123.5999999999999]
["4.6.2","REGISTRO DE GAVETA CHATO FoFo C/ FLANGES PN 10  (RCFC10 FoFo)  -  DN 100   (37,000 kg)","un",1,460.62819999999994,460.63]
["4.6.3","REGISTRO DE GAVETA CHATO FoFo C/ FLANGES PN 10  (RCFC10 FoFo)  -  DN 150   (60,000 kg)","un",3,1008.8643999999999,3026.59]
["4.6.4","REGISTRO DE GAVETA CHATO FoFo C/ FLANGES PN 10  (RCFC10 FoFo)  -  DN 200   (104,000 kg)","un",1,1338.2121999999999,1338.21]
["4.7","VALVULAS DE RETENCAO DE FoFo DUCTIL",null,null,null,0]
["4.7.1","VALVULA DE RETENÇÃO TIPO PORT. ÚNICA C/ FLANGES PN10  (VRPU10 FoFo PN 10)  -   DN 85","un",2,679.98659999999995,1359.97]
["4.7.2","VALVULA DE RETENÇÃO TIPO PORT. ÚNICA C/ FLANGES PN10  (VRPU10 FoFo PN 10)  -   DN 150","un",2,1500.7194,3001.44]
["4.8","VALVULAS DE COMANDO HIDRAULICO OU ELETRICO EM  FoFo DUCTIL E DEMAIS MATERIAIS STANDART, EXCLUSIVE SERV. E MAT. P/ INSTAL. ELET.",null,null,null,0]
["4.8.1","HASTE DE PROLONGAMENTO C/ QUADRADO E BOCA DE CHAVE  (HQC)  -  d= 1 1/8' 5 kg/m","m",7.7,649.08879999999999,4997.9799999999996]
["4.8.2","MANCAL INTERMEDIARIO EM FoFo DUCTIL P/ HASTE (MIH FoFo)    d = 1 1/8' 8,500 kg","un",3,296.79559999999998,890.39]
["4.8.3","CONJUNTO MOTO BOMBA RE-AUTOESCORVANTE, DADOS:  Q = 5,00 l/s; AMT = 16,78 m.c.a; P = 5,00 CV","cj",2,25182.8256,50365.65]
["4.8.4","CONJUNTO MOTO BOMBA SUBMERSÍVEL, DADOS: Q = 21,07 l/s; AMT = 39,88 m.c.a; P = 15 CV","cj",2,31583.567599999998,{"$f":"ROUND(D99*E99,2)","v":63167.14}]
["4.9","TUBOS, PECAS E CONEXOES DE PVC",null,null,null,0]
["4.9.1","TUBOS DE  PVC  RIGIDO P/ ESGOTO (NBR 7362) PONTA E BOLSA C/ JUNTA ELASTICA (JE) (T ES PVC PB JE P/ ESG.) - DN 150","m",42,35.315799999999996,1483.26]
["4.9.2","TUBOS DE  PVC  RIGIDO P/ ESGOTO (NBR 7362) PONTA E BOLSA C/ JUNTA ELASTICA (JE) (T ES PVC PB JE P/ ESG.) - DN 200","m",25,55.140399999999993,1378.51]
["4.9.3","TUBOS DE PVC C/ JUNTA ROSCAVEL (JR)    (T PVC JR)  -   DN 1'","m",3.6,12.69,45.68]
["4.9.4","TUBOS DE PVC C/ JUNTA ROSCAVEL (JR)    (T PVC JR)  -   DN 1'","m",4.9000000000000004,12.69,62.18]
["4.9.5","JOELHO 90º PVC, COM JUNTA ROSCÁVEL  DN 1\"","un",2,3.6189999999999998,7.24]
["4.10","CONEXOES DE PVC P/ ESGOTO C/ JUNTA ELASTICA (JE) E ACESSORIOS",null,null,null,0]
["4.10.1","ANEL DE BORRACHA P/ ESGOTO PVC JE (ANB P/ ES PVC JE) - DN  150","un",7,6.5517999999999992,45.86]
["4.10.2","ANEL DE BORRACHA P/ ESGOTO PVC JE (ANB P/ ES PVC JE) - DN  200","un",5,7.867799999999999,39.340000000000003]
["4.11","REDUCAO CONCENTRICA FoFo C/ FLANGES PN 10",null,null,null,0]
["4.11.1","REDUCAO CONCENTRICA FoFo C/ FLANGES PN 10  (RFF10 FoFo)  -  DN 100 X 80   (9,500 kg)","un",2,259.61859999999996,519.24]
["4.12","MATERIAIS DE AÇO GALVANIZADO",null,null,null,0]
["4.12.1","TUBO COM JUNTA ROSCÁVEL DE AÇO GALVANIZADO 1\"","m",13.2,16.741399999999999,220.99]
["4.12.2","TUBO COM JUNTA ROSCÁVEL DE AÇO GALVANIZADO 1\"","m",4.9000000000000004,16.741399999999999,82.03]
["4.12.3","REGISTRO DE ESFERA AÇO GALVANIZADO 1\"","un",2,202.46659999999997,404.93]
["4.12.4","JOELHO 90º PVC, COM JUNTA ROSCÁVEL  DN 1\"","un",4,3.6189999999999998,14.48]
["5.0","ESTRUTURA DE ENTRADA E DAFA'S",null,null,"Subtotal",{"$f":"SUM(F118:F149)","v":63932.68}]
["5.1","TUBOS PECAS E CONEXÕES DE FERRO FUNDIDO DUCTIL"]
["5.1.1","TUBOS DE FoFo DUCTIL C/ 02 FLANGES PN10 (TFL10 FoFo)  -  DN  100 X 4,00   (77,800 kg)","un",2,1207.6179999999999,{"$f":"ROUND(D118*E118,2)","v":2415.2399999999998}]
["5.1.2","TUBOS DE FoFo DUCTIL C/ 02 FLANGES PN10 (TFL10 FoFo)  -  DN  200 X 5,00   (194,000 kg)","un",3,2226.2489999999998,6678.75]
["5.1.3","TUBOS DE FoFo DUCTIL C/  01 FLANGE E 01 PONTA LISA PN10 (TFP10 FoFo)  -  DN  100 X 2,50  (47,500 kg)","un",2,863.54979999999989,1727.1]
["5.1.4","TUBOS DE FoFo DUCTIL C/  01 FLANGE E 01 PONTA LISA PN10 (TFP10 FoFo)  -  DN  100 X 3,00   (56,100 kg)","un",2,1009.56,2019.12]
["5.1.5","TUBOS DE FoFo DUCTIL C/  01 FLANGE E 01 PONTA LISA PN10 (TFP10 FoFo)  -  DN  150 X 0,50   (21,000 kg)","un",4,341.85919999999999,1367.44]
["5.1.6","TUBOS DE FoFo DUCTIL C/  01 FLANGE E 01 PONTA LISA PN10 (TFP10 FoFo)  -  DN  150 X 4,50   (125,000 kg)","un",4,1666.5636,6666.25]
["5.1.7","TUBOS DE FoFo DUCTIL C/  01 FLANGE E 01 PONTA LISA PN10 (TFP10 FoFo)  -  DN  200 X 0.50   (27,400 kg)","un",8,432.67259999999999,3461.38]
["5.1.8","TUBOS DE FoFo DUCTIL C/  01 FLANGE E 01 PONTA LISA PN10 (TFP10 FoFo)  -  DN  200 X 2,50   (97,000 kg)","un",8,1201.8463999999999,9614.77]
["5.1.9","TUBOS DE FoFo DUCTIL C/  01 FLANGE E 01 PONTA LISA PN10 (TFP10 FoFo)  -  DN  200 X 5,50   (201,400 kg)","un",1,2355.6212,2355.62]
["5.1.10","TUBOS DE FoFo DUCTIL CILINDRICOS (TCL FoFo)  -  DN  100  (17,200 kg)","m",22,216.10599999999999,4754.33]
["5.1.11","TUBOS DE FoFo DUCTIL CILINDRICOS (TCL FoFo)  -  DN  200  (34,800 kg)","m",18,325.31519999999995,5855.67]
["5.1.12","CURVA 90o C/ BOLSAS JGS FoFo (C90 JGS FoFo)  -  DN 200  (35,200 kg)","un",1,502.53339999999997,502.53]
["5.1.13","CURVA 90o FoFo C/ FLANGES PN 10  (C90FF10 FoFo)  -  DN 80  (9,500 kg)","un",8,130.06780000000001,1040.54]
["5.1.14","CURVA 90o FoFo C/ FLANGES PN 10  (C90FF10 FoFo)  -  DN 100   (11,000 kg)","un",2,169.70759999999999,339.42]
["5.1.15","CURVA 90o FoFo C/ FLANGES PN 10  (C90FF10 FoFo)  -  DN 150   (18,000 kg)","un",4,276.33179999999999,1105.33]
["5.1.16","CURVA 90o FoFo C/ FLANGES PN 10  (C90FF10 FoFo)  -  DN 200   (28,000 kg)","un",1,395.45799999999997,395.46]
["5.1.17","TE FoFo C/ FLANGES PN 10  (TFF10 FoFo)  -  DN 200 X 200   (47,000 kg)","un",4,508.25800000000004,2033.03]
["5.1.18","FLANGE CEGO FoFo PN 10  (FC10 FoFo)  -  DN 200   (11,000 kg)","un",1,143.79179999999999,143.79]
["5.1.19","EXTREMIDADE PONTA E FLANGE C/ ABA DE VEDACAO FoFo PN 10  (EPFAV10 FoFo)  -  DN 200 46,000 kg","un",1,582.17020000000002,582.16999999999996]
["5.1.20","PARAFUSOS P/ JUNTAS C/ FLANGES FoFo PN 10  (PPF10)  -  DN 80 (16 X 80 mm) 0,175 kg","un",64,7.9993999999999996,511.96]
["5.1.21","PARAFUSOS P/ JUNTAS C/ FLANGES FoFo PN 10  (PPF10)  -  DN 100 (16 X 80 mm) 0,175 kg","un",64,7.9993999999999996,511.96]
["5.1.22","PARAFUSOS P/ JUNTAS C/ FLANGES FoFo PN 10  (PPF10)  -  DN 150 (20 X 90 mm) 0,338 kg","un",64,12.614799999999999,807.35]
["5.1.23","PARAFUSOS P/ JUNTAS C/ FLANGES FoFo PN 10  (PPF10)  -  DN 200 (20 X 90 mm) 0,338 kg","un",228,12.614799999999999,2876.17]
["5.1.24","ARRUELAS P/ JUNTAS C/ FLANGES FoFo PN 10  (ABF10)  -  DN   80 0,030 kg","un",8,9.7195999999999998,77.760000000000005]
["5.1.25","ARRUELAS P/ JUNTAS C/ FLANGES FoFo PN 10  (ABF10)  -  DN  100 0,040 kg","un",8,15.839,126.71]
["5.1.26","ARRUELAS P/ JUNTAS C/ FLANGES FoFo PN 10  (ABF10)  -  DN  150 0,060 kg","un",8,23.208600000000001,185.67]
["5.1.27","ARRUELAS P/ JUNTAS C/ FLANGES FoFo PN 10  (ABF10)  -  DN  200 0,090 kg","un",19,28.810999999999996,547.41]
["5.1.28","JUNTA GIBAULT E TIRANTES (JGI)  -  DN 200  (17,500 kg)","un",4,380.1454,1520.58]
["5.1.29","TAMPAO FOFO ARTICULADO, CLASSE D400 CARGA MAX 40 T, REDONDO TAMPA *600 MM, REDE PLUVIAL/ESGOTO","un",3,446.06759999999997,1338.2]
["5.2","TUBOS, PECAS E CONEXOES DE PVC",null,null,null,0]
["5.2.1","TUBOS DE  PVC  RIGIDO P/ ESGOTO (NBR 7362) PONTA E BOLSA C/ JUNTA ELASTICA (JE) (T ES PVC PB JE P/ ESG.) - DN 200","m",42,55.140399999999993,2315.9]
["5.2.2","ANEL DE BORRACHA P/ ESGOTO PVC JE (ANB P/ ES PVC JE) - DN  200","un",7,7.867799999999999,55.07]
["6.0","LEITOS DE SECAGEM",null,null,"Subtotal",{"$f":"SUM(F151:F154)","v":1161.5899999999999}]
["6.1","TUBOS DE  PVC  RIGIDO P/ ESGOTO (NBR 7362) PONTA E BOLSA C/ JUNTA ELASTICA (JE) (T ES PVC PB JE P/ ESG.) - DN 150","m",12,35.315799999999996,{"$f":"ROUND(D151*E151,2)","v":423.79}]
["6.2","TUBOS DE  PVC  RIGIDO P/ ESGOTO (NBR 7362) PONTA E BOLSA C/ JUNTA ELASTICA (JE) (T ES PVC PB JE P/ ESG.) - DN 200","m",13,55.140399999999993,716.83]
["6.3","ANEL DE BORRACHA P/ ESGOTO PVC JE (ANB P/ ES PVC JE) - DN  150","un",2,6.5517999999999992,13.1]
["6.4","ANEL DE BORRACHA P/ ESGOTO PVC JE (ANB P/ ES PVC JE) - DN  200","un",1,7.867799999999999,7.87]
["7.0","LAGOAS FACULTATIVAS",null,null,"Subtotal",{"$f":"SUM(F156:F159)","v":12500.18}]
["7.1","TUBOS DE  PVC  RIGIDO P/ ESGOTO (NBR 7362) PONTA E BOLSA C/ JUNTA ELASTICA (JE) (T ES PVC PB JE P/ ESG.) - DN 200","m",132,55.140399999999993,{"$f":"ROUND(D156*E156,2)","v":7278.53}]
["7.2","ANEL DE BORRACHA P/ ESGOTO PVC JE (ANB P/ ES PVC JE) - DN  200","un",22,7.867799999999999,173.09]
["7.3","TUBOS, PECAS E CONEXOES DE POLIETILENO DE ALTA DENSIDADE (PEAD) PE80 / POLIPROPILENO (T PEAD CL. 4,0 kgf/cm2) - DN 200","m",20,196.601,3932.02]
["7.4","MEDIDOR PARSHALL DE FIBRA DE VIDRO C/ W = 3\"","un",1,1116.5413999999998,1116.54]
["8.0","Fornecimentos e Instalações Elétricas - EEE - 1",null,null,"Subtotal",{"$f":"SUM(F161:F181)","v":69325.290000000008}]
["8.1","Cruzeta de Concreto Tipo \"T\" de 1,90 m","un",9,162.7046,{"$f":"ROUND(D161*E161,2)","v":1464.34}]
["8.2","Cruzeta de Concreto Tipo \"L\" de 1,70 m","un",9,162.6952,1464.26]
["8.3","Cabo de Alumínio sem alma de aço - CA  4 AWG","kg",40,38.145199999999996,1525.81]
["8.4","Chave Fusível de Distribuição 15kV, 100A, 10kA, Base \"C\"","Cj.",3,274.7244,824.17]
["8.5","Isolador de Disco, 15kV, 140x165mm","un",30,42.393999999999998,1271.82]
["8.6","Poste de Concreto tipo Duplo 'T' -  11 m / 200daN","un",1,708.26179999999999,708.26]
["8.7","Poste de Concreto tipo Duplo 'T' -  11 m / 400daN","un",4,1181.1945999999998,4724.78]
["8.8","Pino de Isolador","un",25,27.485599999999998,687.14]
["8.9","Pára-raio de Distribuição 12 kV - 5kA","un",3,188.16919999999999,564.51]
["8.10","Transformador Trifásico de  Distribuição 15 kVA - 13.800 V/ 380-220 V","un",1,4824.4277999999995,4824.43]
["8.11","Cabo de Cobre com Isolação em PVC 70º C - 0,6/1 kV  NBR 7288  -  10 mm²","m",50,5.9032,295.16000000000003]
["8.12","Cabo de Cobre Nu 25 mm²","m",65,13.272799999999998,862.73]
["8.13","Cabo de Cobre Flexível com Isolação em PVC 70º C - 0,6/1 kV  NBR 7288  -  10 mm²","m",80,5.9032,472.26]
["8.14","Grupo Gerador Diesel -   20 kVA com Quadro de Transferência Automático","un",1,27850.301199999998,27850.3]
["8.15","Extintor de Incêdio CO2 - 6 kg","un",2,561.12360000000001,1122.25]
["8.16","Painel QS/ CCM - 380 V para Motores de 2 x 5 cv com CLP e Inversores de Frequência","un",1,12794.621999999999,12794.62]
["8.17","Sensor de Nível Ultrassônico com cabo","un",1,5937.7543999999998,5937.75]
["8.18","Cabo de Cobre Flexível com Isolação em PVC 70º C - 0,6/1 kV  NBR 7288  - 4,0 mm²","m",80,2.6883999999999997,215.07]
["8.19","Cabo de Cobre Flexível com Isolação em PVC 70º C - 0,6/1 kV  NBR 7288  - 1,5 mm²","m",370,1.3535999999999999,500.83]
["8.20","Cabo de Cobre Flexível com Isolação em PVC 70º C - 0,6/1 kV  NBR 7288  - 2,5 mm²","m",120,1.88,225.6]
["8.21","Poste de Concreto tipo Duplo 'T' -  6m / 100daN","un",3,329.73319999999995,989.2]
["9.0","Fornecimentos e Instalações Elétricas - EEE - 2",null,null,"Subtotal",{"$f":"SUM(F183:F200)","v":86630.789999999979}]
["9.1","Cruzeta de Concreto Tipo \"T\" de 1,90 m","un",6,162.7046,{"$f":"ROUND(D183*E183,2)","v":976.23}]
["9.2","Cruzeta de Concreto Tipo \"T\" de 1,70 m","un",2,162.6952,325.39]
["9.3","Cabo de Alumínio sem alma de aço - CA  4 AWG","kg",5,38.145199999999996,190.73]
["9.4","Chave Fusível de Distribuição 15 kV - 100 A base:C","un",6,274.7244,1648.35]
["9.5","Isolador de Disco, 15kV, 140x165mm","un",12,42.393999999999998,508.73]
["9.6","Poste de Concreto tipo Duplo 'T' -  11 m / 400daN","un",2,1181.1945999999998,2362.39]
["9.7","Cabo de Cobre com Isolação em PVC 70º C - 0,6/1 kV  NBR 7288  -  10 mm²","m",100,5.9032,590.32000000000005]
["9.8","Cabo de Cobre Nu 25 mm²","m",69,13.272799999999998,915.82]
["9.9","Pára-raio de Distribuição 12 kV - 5kA","un",3,188.16919999999999,564.51]
["9.10","TransformadorTrifásico de  Distribuição 30 kVA - 13.800 V/ 380-220 V","un",1,5892.6907999999994,5892.69]
["9.11","Grupo Gerador Diesel -   50 kVA com Quadro de Transferência Automático","un",1,51891.036200000002,51891.040000000001]
["9.12","Cabo de Cobre Flexível com Isolação em PVC 70º C - 0,6/1 kV  NBR 7288  -  16 mm²","m",30,9.042799999999998,271.27999999999997]
["9.13","Painel QS/ CCM - 380 V para Motores de 2 x 15 cv com CLP e Inversores de Frequência","un",1,12794.621999999999,12794.62]
["9.14","Cabo de Cobre Flexível com Isolação em PVC 70º C - 0,6/1 kV  NBR 7288  - 6,0 mm²","m",100,3.6753999999999998,367.54]
["9.15","Sensor de Nível Ultrassônico com cabo","un",1,5937.7543999999998,5937.75]
["9.16","Cabo de Cobre Flexível com Isolação em PVC 70º C - 0,6/1 kV  NBR 7288  - 1,5 mm²","m",125,1.3535999999999999,169.2]
["9.17","Cabo de Cobre Flexível com Isolação em PVC 70º C - 0,6/1 kV  NBR 7288  - 2,5 mm²","m",125,1.88,235]
["9.18","Poste de Concreto tipo Duplo 'T' -  6m / 100daN","un",3,329.73319999999995,989.2]
["10.0","Fornecimentos e Instalações Elétricas - ETE",null,null,"Subtotal",{"$f":"SUM(F202:F208)","v":3494.7299999999996}]
["10.1","Poste de Concreto tipo Duplo 'T' -  10m / 300daN","un",1,794.38459999999998,{"$f":"ROUND(D202*E202,2)","v":794.38}]
["10.2","Poste de Concreto tipo Duplo 'T' -  11 m / 200daN","un",1,708.26179999999999,708.26]
["10.3","Cabo de Alumínio sem alma de aço - CA  4 AWG","kg",6,38.145199999999996,228.87]
["10.4","Poste de Concreto tipo Duplo 'T' -  6m / 100daN","un",4,329.73319999999995,1318.93]
["10.5","Cabo de Cobre Nu 25 mm²","m",2,13.272799999999998,26.55]
["10.6","Cabo de Cobre Flexível com Isolação em PVC 70º C - 0,6/1 kV  NBR 7288  -  6 mm²","m",40,3.6753999999999998,147.02000000000001]
["10.7","Cabo de Cobre Flexível com Isolação em PVC 70º C - 0,6/1 kV  NBR 7288  -  1,50 mm²","m",200,1.3535999999999999,270.72000000000003]
[{"$nulls":4},"TOTAL GERAL DOS SERVIÇOS (R$):",{"$f":"SUMIF(E8:E201,\"subtotal\",F8:F201)","v":709707.84000000008}]
[]
[]
[]
[null,null,{"$f":"basica!C81","v":"GIL DO NASCIMENTO SANTOS"}]
[null,null,{"$f":"basica!C82","v":"RN-26130304432"}]
[]
[]
[]
[]
[{"$nulls":5},"VALOR RDC",755008.38]
[{"$nulls":5},"VALOR DESCONTO",{"$f":"G219-F209","v":45300.539999999921}]
[]
[]
[{"$nulls":5},"PERCENTUAL DE DESCONTO",{"$f":"G220/G219","v":6.00000492709762E-2}]

{"sheet":"cronograma","index":4,"n_rows":38,"n_cols":18,"rows_kept":38,"cut":false,"hidden":false,"merged":[[4,0,4,4],[5,0,5,4],[0,0,1,17],[4,6,5,6],[4,7,5,7],[4,8,5,8],[36,3,36,6],[6,0,7,0],[6,1,7,1],[6,2,7,2],[6,3,7,3],[6,4,7,4],[37,3,37,6],[4,14,5,14],[4,15,5,15],[4,16,5,16],[4,17,5,17],[6,6,7,17],[4,9,5,9],[4,10,5,10],[4,11,5,11],[4,12,5,12],[4,13,5,13],[35,3,35,6],[6,5,7,5],[18,0,18,4],[30,0,30,4],[31,0,31,4]]}
["CRONOGRAMA FISICO FINANCEIRO"]
[]
[null,"EDITAL Nº",{"$f":"basica!C6","v":"22/2017"}]
[null,"DATA",{"$f":"basica!C8","v":"2017-10-08"}]
["SISTEMA DE ESGOTAMENTO SANITÁRIO DO MUNICÍPIO DE CANAPI / AL",{"$nulls":5},30,60,{"$f":"G5+H5","v":90},120,150,180,210,240,270,300,330,365]
["PLANILHA RESUMIDA (Data Base: MAR/2017)"]
["Item","CÓDIGO","DESCRIÇÃO","Un.","Quant.","Valor Total (R$)"]
[]
["I","SERVIÇOS"]
["1.0","SERVIÇOS PRELIMINARES / CANTEIRO DE OBRAS",null,null,null,{"$f":"'Plan. Detalhada Serviços'!F8","v":669784.79999999993},{"$f":"F10/12","v":55815.399999999994},59329.980833333335,59329.980833333335,59329.980833333335,59329.980833333335,59329.980833333335,59329.980833333335,59329.980833333335,59329.980833333335,59329.980833333335,59329.980833333335,59329.980833333335]
["2.0","REDE COLETORA CONVENCIONAL / LINHA DE RECALQUE / EMISSÁRIO FINAL",null,null,null,{"$f":"'Plan. Detalhada Serviços'!F17","v":2974318.94},{"$f":"F11/12","v":247859.91166666665},236275.19083333333,236275.19083333333,236275.19083333333,236275.19083333333,236275.19083333333,236275.19083333333,236275.19083333333,236275.19083333333,236275.19083333333,236275.19083333333,236275.19083333333]
["3.0","REDE COLETORA CONDOMINIAL",null,null,null,{"$f":"'Plan. Detalhada Serviços'!F105","v":90559.169999999969},7546.5974999999971,7531.4208333333345,7531.4208333333345,7531.4208333333345,7531.4208333333345,7531.4208333333345,7531.4208333333345,7531.4208333333345,7531.4208333333345,7531.4208333333345,7531.4208333333345,7531.4208333333345]
["4.0","RAMAIS PREDIAIS",null,null,null,{"$f":"'Plan. Detalhada Serviços'!F133","v":342842.5},28570.208333333332,30393.841666666671,30393.841666666671,30393.841666666671,30393.841666666671,30393.841666666671,30393.841666666671,30393.841666666671,30393.841666666671,30393.841666666671,30393.841666666671,30393.841666666671]
["5.0","ESTAÇÕES ELEVATÓRIAS",null,null,null,{"$f":"'Plan. Detalhada Serviços'!F143","v":416750.79000000004},34729.232500000006,36008.243333333332,36008.243333333332,36008.243333333332,36008.243333333332,36008.243333333332,36008.243333333332,36008.243333333332,36008.243333333332,36008.243333333332,36008.243333333332,36008.243333333332]
["6.0","ESTRUTURA DE ENTRADA E DAFA'S",null,null,null,{"$f":"'Plan. Detalhada Serviços'!F224","v":107299.47},8941.6224999999995,9512.3758333333299,9512.3758333333299,9512.3758333333299,9512.3758333333299,9512.3758333333299,9512.3758333333299,9512.3758333333299,9512.3758333333299,9512.3758333333299,9512.3758333333299,9512.3758333333299]
["7.0","LEITO DE SECAGEM",null,null,null,{"$f":"'Plan. Detalhada Serviços'!F253","v":46351.24},3862.603333333333,4109.1608333333324,4109.1608333333324,4109.1608333333324,4109.1608333333324,4109.1608333333324,4109.1608333333324,4109.1608333333324,4109.1608333333324,4109.1608333333324,4109.1608333333324,4109.1608333333324]
["8.0","LAGOAS FACULTATIVAS",null,null,null,{"$f":"'Plan. Detalhada Serviços'!F283","v":780299.62999999989},65024.969166666655,64677.201666666682,64677.201666666682,64677.201666666682,64677.201666666682,64677.201666666682,64677.201666666682,64677.201666666682,64677.201666666682,64677.201666666682,64677.201666666682,64677.201666666682]
["9.0","INSTALAÇÃO ELÉTRICA",null,null,null,{"$f":"'Plan. Detalhada Serviços'!F341","v":138758.09999999995},11563.174999999996,12301.259166666665,12301.259166666665,12301.259166666665,12301.259166666665,12301.259166666665,12301.259166666665,12301.259166666665,12301.259166666665,12301.259166666665,12301.259166666665,12301.259166666665]
["TOTAL GERAL DOS SERVIÇOS (R$)",{"$nulls":4},{"$f":"SUM(F10:F18)","v":5566964.6399999987}]
["II","MATERIAIS"]
["1.0","REDE COLETORA CONVENCIONAL / LINHA DE RECALQUE / EMISSÁRIO FINAL",null,null,null,{"$f":"'Plan. Detalhada Materiais'!F8","v":230703.83},19225.319166666664,20452.468333333334,20452.468333333334,20452.468333333334,20452.468333333334,20452.468333333334,20452.468333333334,20452.468333333334,20452.468333333334,20452.468333333334,20452.468333333334,20452.468333333334]
["2.0","REDE COLETORA CONDOMINIAL",null,null,null,{"$f":"'Plan. Detalhada Materiais'!F24","v":27180.46},2265.0383333333334,2409.6150000000002,2409.6150000000002,2409.6150000000002,2409.6150000000002,2409.6150000000002,2409.6150000000002,2409.6150000000002,2409.6150000000002,2409.6150000000002,2409.6150000000002,2409.6150000000002]
["3.0","RAMAIS PREDIAIS",null,null,null,{"$f":"'Plan. Detalhada Materiais'!F27","v":35056.22},2921.3516666666669,3107.8216666666667,3107.8216666666667,3107.8216666666667,3107.8216666666667,3107.8216666666667,3107.8216666666667,3107.8216666666667,3107.8216666666667,3107.8216666666667,3107.8216666666667,3107.8216666666667]
["4.0","ESTAÇÕES ELEVATÓRIAS (EEE-1/EEE-2)",null,null,null,{"$f":"'Plan. Detalhada Materiais'!F33","v":179722.06999999998},14976.839166666665,15932.808333333334,15932.808333333334,15932.808333333334,15932.808333333334,15932.808333333334,15932.808333333334,15932.808333333334,15932.808333333334,15932.808333333334,15932.808333333334,15932.808333333334]
["5.0","ESTRUTURA DE ENTRADA E DAFA'S",null,null,null,{"$f":"'Plan. Detalhada Materiais'!F116","v":63932.68},5327.7233333333334,5667.791666666667,5667.791666666667,5667.791666666667,5667.791666666667,5667.791666666667,5667.791666666667,5667.791666666667,5667.791666666667,5667.791666666667,5667.791666666667,5667.791666666667]
["6.0","LEITOS DE SECAGEM",null,null,null,{"$f":"'Plan. Detalhada Materiais'!F150","v":1161.5899999999999},96.799166666666665,102.97750000000001,102.97750000000001,102.97750000000001,102.97750000000001,102.97750000000001,102.97750000000001,102.97750000000001,102.97750000000001,102.97750000000001,102.97750000000001,102.97750000000001]
["7.0","LAGOAS FACULTATIVAS",null,null,null,{"$f":"'Plan. Detalhada Materiais'!F155","v":12500.18},1041.6816666666666,1108.1724999999999,1108.1724999999999,1108.1724999999999,1108.1724999999999,1108.1724999999999,1108.1724999999999,1108.1724999999999,1108.1724999999999,1108.1724999999999,1108.1724999999999,1108.1724999999999]
["8.0","Fornecimentos e Instalações Elétricas - EEE - 1",null,null,null,{"$f":"'Plan. Detalhada Materiais'!F160","v":69325.290000000008},5777.107500000001,6145.8591666666662,6145.8591666666662,6145.8591666666662,6145.8591666666662,6145.8591666666662,6145.8591666666662,6145.8591666666662,6145.8591666666662,6145.8591666666662,6145.8591666666662,6145.8591666666662]
["9.0","Fornecimentos e Instalações Elétricas - EEE - 2",null,null,null,{"$f":"'Plan. Detalhada Materiais'!F182","v":86630.789999999979},7219.2324999999983,7680.0341666666673,7680.0341666666673,7680.0341666666673,7680.0341666666673,7680.0341666666673,7680.0341666666673,7680.0341666666673,7680.0341666666673,7680.0341666666673,7680.0341666666673,7680.0341666666673]
["10.0","Fornecimentos e Instalações Elétricas - ETE",null,null,null,{"$f":"'Plan. Detalhada Materiais'!F201","v":3494.7299999999996},291.22749999999996,309.81666666666666,309.81666666666666,309.81666666666666,309.81666666666666,309.81666666666666,309.81666666666666,309.81666666666666,309.81666666666666,309.81666666666666,309.81666666666666,309.81666666666666]
["TOTAL GERAL DOS MATERIAIS (R$):",{"$nulls":4},{"$f":"SUM(F21:F30)","v":709707.84000000008}]
["TOTAL GERAL DOS SERVIÇOS E MATERIAIS (R$):",{"$nulls":4},{"$f":"F31+F19","v":6276672.4799999986},{"$f":"SUM(G10:G30)","v":523056.03999999986},{"$f":"SUM(H10:H30)","v":523056.04},523056.04,523056.04,523056.04,523056.04,523056.04,523056.04,523056.04,523056.04,523056.04,523056.04]
[]
[]
[]
[]
[null,null,null,{"$f":"basica!C81","v":"GIL DO NASCIMENTO SANTOS"}]
[null,null,null,{"$f":"basica!C82","v":"RN-26130304432"}]